{"text_format":"3","workbook":"xlsx","n_sheets":1,"sheets":["SALMI"],"not_rendered":{"images":2},"read":"whole","date_system":"1900"}

{"sheet":"SALMI","index":0,"n_rows":644,"n_cols":25,"rows_kept":644,"merged":[[0,0,0,22],[2,18,2,22],[4,1,4,2],[4,8,4,16],[4,20,4,22],[5,1,5,2],[5,8,5,16],[5,20,5,22],[6,1,6,2],[6,8,6,16],[6,20,6,22],[8,0,9,0],[8,1,9,1],[8,2,9,2],[8,12,8,14],[8,18,9,18],[8,19,9,19],[8,20,9,20],[8,21,9,21],[8,22,9,22],[639,1,641,14],[639,18,643,22],[643,6,643,14]]}
["INFORME MENSUAL ALMACÉN (IMA)"]
[]
[{"$nulls":16},"Clasificación:",null,"Informe"]
[]
["Est. de Salud:","HOSP HOSP INFANTIL DR. JOSE MANUEL RODRIGUEZ JIME",{"$nulls":4},"Región de Salud:",null,"Servicio Regional de Salud Metropolitano",{"$nulls":10},"Distribución Promedio:",12]
["Elaborado por:","ANYER PEREZ RODRIGUEZ",{"$nulls":4},"Módulo:",null,"ALMACEN CENTRAL",{"$nulls":10},"Nivel Máximo:",2]
["Mes Reportado:","enero",{"$nulls":4},"Gestión:",null,2026,{"$nulls":10},"Nivel Mínimo:",1]
[]
["Código","Suministro","UDE",null,"A",null,"B",null,"C",null,"C",null,"D",{"$nulls":3},"A+B-C+/-D",null,"Distribución\nPromedio","Distribución\nInsatisfecha","MED","MUD","Cantidad\nRequerida"]
[{"$nulls":4},"Saldo Inicio",null,"Entradas",null,"Consumo",null,"Distribución",null,"Ajuste (+)",null,"Ajuste (-)",null,"Saldo Final"]
["10600402001","Abacavir + lamivudina, 600 + 300 mg, Comprimido oral, Frasco x 30 tabletas","Comprimido",0,0,0,60,0,0,0,60,0,0,0,0,0,0,0,73,0,"0.0","0.0",146,0,54]
["11800301001","Acetato de medroxiprogesterona , 150 mg/ml, Inyectable, Vial x 1ml","Vial",1,0,0,20,20,0,0,20,20,0,0,0,0,0,0,25,0,"0.0","0.0",50,50,98]
["11800101002","Acetato de megestrol, 40 mg, Suspensión oral, Frasco","Frasco",0,0,0,2,0,0,0,2,0,0,0,0,0,0,0,4,0,"0.0","0.0",8,0,1135]
["12500201002","Acetilcisteina, 100 mg /ml, Inyectable, Ampolla x 3 ml","Ampolla",13.74,50,687,100,{"v":1374,"d":"1,374"},0,0,0,0,0,0,0,0,150,{"v":2061,"d":"2,061"},77,0,"1.9","1.9",4,54.96,383]
["12500201010","Acetilcisteina, 300 mg/ml, Inyectable, Ampolla x 3 ml","Ampolla",0,0,0,0,0,0,0,0,0,0,0,0,0,0,0,98,0,"0.0","0.0",196,0,127]
["10600403005","Aciclovir como sal sodica, 250 mg, Polvo para inyección, Vial","Vial",108.41,70,{"v":7588.7,"d":"7,589"},0,0,0,0,0,0,0,0,0,0,70,{"v":7588.7,"d":"7,589"},56,0,"1.3","1.3",42,4553.22,1239]
["10600403004","Aciclovir, 400 mg, Comprimido oral, Blister","Comprimido",1.71,200,342,0,0,0,0,0,0,0,0,0,0,200,342,100,0,"2.0","2.0",0,0,1346]
["10200101001","Acido acetilsalicilico, 100 mg, Comprimido oral, Blister","Comprimido",0.49,0,0,100,49,0,0,100,49,0,0,0,0,0,0,100,0,"0.0","0.0",200,98,8]
["11200501001","Acido acetilsalicilico, 81 mg, Comprimido oral, Blister","Comprimido",0.63,300,189,0,0,0,0,0,0,0,0,0,0,300,189,100,0,"3.0","3.0",0,0,76]
["12700001002","Acido ascorbico (vit. C), 100 mg/ml, Inyectable, Ampolla x 5 ml","Ampolla",4.91,400,{"v":1964,"d":"1,964"},0,0,0,0,0,0,0,0,0,0,400,{"v":1964,"d":"1,964"},100,0,"4.0","4.0",0,0,139]
["12700001003","Acido ascorbico (vit. C), 500mg, Comprimido oral, Blister","Comprimido",1.14,0,0,0,0,0,0,0,0,0,0,0,0,0,0,100,0,"0.0","0.0",200,228,140]
["11000101001","Acido folico, 5 mg, Comprimido oral, Blister","Comprimido",0.17,0,0,0,0,0,0,0,0,0,0,0,0,0,0,140,0,"0.0","0.0",280,47.6,64]
["11000101003","Acido folico, 5 mg/mL, Jarabe, Frasco x 120 ml","Frasco",20.68,10,{"v":206.8,"d":"207"},0,0,0,0,0,0,0,0,0,0,10,{"v":206.8,"d":"207"},0,0,"00","00",0,0,1257]
["11000204004","Acido tranxenamico, 500 mg, Inyectable, Vial","Vial",783.13,0,0,0,0,0,0,0,0,0,0,0,0,0,0,44,0,"0.0","0.0",88,68915.44,1186]
["10500001003","Acido valproico (valproato sodico), 200 mg/ml, Solucion, Frasco x 40ml","Frasco",283,0,0,10,{"v":2830,"d":"2,830"},0,0,4,{"v":1132,"d":"1,132"},0,0,0,0,6,{"v":1698,"d":"1,698"},4,0,"1.5","1.5",2,566,28]
["10500001002","Acido valproico (valproato sodico), 500 mg, Comprimido oral, Blister","Comprimido",4.3,{"v":1700,"d":"1,700"},{"v":7310,"d":"7,310"},0,0,0,0,510,{"v":2193,"d":"2,193"},0,0,0,0,{"v":1190,"d":"1,190"},{"v":5117,"d":"5,117"},608,0,"2.0","2.0",26,111.8,27]
["11500101001","Agua oxigenada, 0.03, Solución, Galón","Galón",205.09,10,{"v":2050.9,"d":"2,051"},0,0,0,0,2,{"v":410.18,"d":"410"},0,0,0,0,8,{"v":1640.72,"d":"1,641"},2,0,"4.0","4.0",0,0,82]
["12600303001","Agua para inyectable, , Inyectable, Ampolla x 10 ml","Ampolla",2.07,{"v":4400,"d":"4,400"},{"v":9108,"d":"9,108"},0,0,0,0,300,621,0,0,0,0,{"v":4100,"d":"4,100"},{"v":8487,"d":"8,487"},{"v":1017,"d":"1,017"},0,"4.0","4.0",0,0,137]
["12600303003","Agua para inyectable, , Inyectable, Ampolla x 5 ml","Ampolla",6.65,{"v":1250,"d":"1,250"},{"v":8312.5,"d":"8,313"},0,0,0,0,0,0,0,0,0,0,{"v":1250,"d":"1,250"},{"v":8312.5,"d":"8,313"},200,0,"6.3","6.3",0,0,138]
["11100101001","Albumina humana, 0.2, Inyectable, Vial 50 ml","Vial",1808.92,3,{"v":5426.76,"d":"5,427"},0,0,0,0,3,{"v":5426.76,"d":"5,427"},0,0,0,0,0,0,24,2,"0.0","0.0",48,86828.16,68]
["12500104008","Albuterol sulfato, 0.63 mg/ml, Solución para inhalación, Frasco x 3 ml","Frasco",0,0,0,0,0,0,0,0,0,0,0,0,0,0,0,100,0,"0.0","0.0",200,0,451]
["11500102002","Alcohol etilico, 0.95, Solución, Galón","Galón",2972,6,{"v":17832,"d":"17,832"},0,0,0,0,0,0,0,0,0,0,6,{"v":17832,"d":"17,832"},0,0,"00","00",0,0,597]
["11500107002","Alcohol isopropilico, 0.7, Solución, Frasco x 1 l","Frasco",82.53,44,{"v":3631.32,"d":"3,631"},40,{"v":3301.2,"d":"3,301"},0,0,10,{"v":825.3,"d":"825"},0,0,39,{"v":3218.67,"d":"3,219"},35,{"v":2888.55,"d":"2,889"},29,8,"1.2","1.2",23,1898.19,441]
["11500107001","Alcohol isopropilico, 0.7, Solución, Galón","Galón",486.28,6,{"v":2917.68,"d":"2,918"},20,{"v":9725.6,"d":"9,726"},0,0,9,{"v":4376.52,"d":"4,377"},0,0,6,{"v":2917.68,"d":"2,918"},11,{"v":5349.08,"d":"5,349"},11,0,"1.0","1.0",11,5349.08,442]
["12700002001","Alendronato sodico, 70 mg, Comprimido oral, Blister","Comprimido",0.77,100,77,0,0,0,0,0,0,0,0,0,0,100,77,0,0,"00","00",0,0,1189]
["10600201001","Amikacina, 500 mg, Polvo para inyección, Vial","Vial",21.8,700,{"v":15260,"d":"15,260"},0,0,0,0,0,0,0,0,0,0,700,{"v":15260,"d":"15,260"},56,0,"12.5","12.5",0,0,33]
["12500101001","Aminofilina, 25 mg/ml, Inyectable, Ampolla x 10 ml","Ampolla",19.29,365,{"v":7040.85,"d":"7,041"},0,0,0,0,0,0,0,0,0,0,365,{"v":7040.85,"d":"7,041"},72,0,"5.1","5.1",0,0,119]
["11200201001","Amiodarona, 200 mg, Comprimido oral, Blister","Comprimido",763.75,50,{"v":38187.5,"d":"38,188"},0,0,0,0,0,0,0,0,0,0,50,{"v":38187.5,"d":"38,188"},100,0,"0.5","0.5",150,114562.5,72]
["12400201001","Amitriptilina, 25 mg, Comprimido oral, Blister","Comprimido",1.82,500,910,0,0,0,0,0,0,0,0,0,0,500,910,100,0,"5.0","0.0",0,0,1065]
["11200301001","Amlodipina, 10 mg, Comprimido oral, Blister","Comprimido",0.85,100,85,100,85,0,0,100,85,0,0,0,0,100,85,100,0,"1.0","1.0",100,85,74]
["10600203003","Amoxicilina + ac. Clavulanico, 500 mg + 125 mg, Comprimido oral, Blister","Comprimido",4.65,100,465,0,0,0,0,0,0,0,0,0,0,100,465,100,0,"1.0","0.0",100,465,1021]
["10600202002","Amoxicilina, 250 mg/5ml, Polvo para suspensión oral, Frasco x 120 ml","Frasco",0,0,0,0,0,0,0,0,0,0,0,0,0,0,0,20,0,"0.0","0.0",40,0,343]
["10600204001","Ampicilina (anhidra), 1 g, Polvo para inyección, Vial","Vial",9.35,50,{"v":467.5,"d":"468"},0,0,0,0,0,0,0,0,0,0,50,{"v":467.5,"d":"468"},50,0,"1.0","1.0",50,467.5,34]
["11200202003","Atenolol, 50 mg, Comprimido oral, Blister","Comprimido",0.25,100,25,100,25,0,0,0,0,0,0,0,0,200,50,100,0,"2.0","2.0",0,0,73]
["12000001002","Atracurio besilato, 10 mg/ml, Inyectable, Ampolla x 2.5 ml","Ampolla",35.66,100,{"v":3566,"d":"3,566"},0,0,0,0,0,0,0,0,0,0,100,{"v":3566,"d":"3,566"},107,0,"0.9","0.9",114,4065.24,376]
["10100301001","Atropina sulfato, 1 mg/ ml, Inyectable, Ampolla x 1 ml","Ampolla",8.64,249,{"v":2151.36,"d":"2,151"},100,864,0,0,0,0,0,0,0,0,349,{"v":3015.36,"d":"3,015"},100,0,"3.5","3.5",0,0,6]
["10600205002","Azitromicina anhidra, 500 mg, Cápsula oral, Blister","Cápsula",8.78,800,{"v":7024,"d":"7,024"},0,0,0,0,0,0,0,0,0,0,800,{"v":7024,"d":"7,024"},450,0,"1.8","1.8",100,878,36]
["10600205001","Azitromicina, 200 mg/5ml, Polvo para suspensión oral, Frasco x 30 ml","Frasco",36.56,235,{"v":8591.6,"d":"8,592"},0,0,0,0,0,0,0,0,0,0,235,{"v":8591.6,"d":"8,592"},9,0,"26.1","14.8",0,0,35]
["12600201004","Bicarbonato sodico   , 0.1, Inyectable, Ampolla x 10 ml","Ampolla",23.83,38,{"v":905.54,"d":"906"},0,0,0,0,0,0,0,0,0,0,38,{"v":905.54,"d":"906"},50,0,"0.8","0.8",62,1477.46,481]
["12600201005","Bicarbonato sodico   , 100 mg/ml, Inyectable, Ampolla x 10 ml","Ampolla",0,200,0,0,0,0,0,0,0,0,0,0,0,200,0,50,0,"4.0","4.0",0,0,482]
["11200101001","Bisoprolol, 2.5 mg, Comprimido oral, Blister","Comprimido",0,0,0,0,0,0,0,0,0,0,0,0,0,0,0,100,0,"0.0","0.0",200,0,1162]
["11200101002","Bisoprolol, 5 mg, Comprimido oral, Blister","Comprimido",0,0,0,0,0,0,0,0,0,0,0,0,0,0,0,100,0,"0.0","0.0",200,0,358]
["12500103002","Bromuro de ipratropio, 0.9 mg/ 3 ml, Solución para inhalación, Frasco","Frasco",19.03,{"v":3900,"d":"3,900"},{"v":74217,"d":"74,217"},0,0,0,0,0,0,0,0,0,0,{"v":3900,"d":"3,900"},{"v":74217,"d":"74,217"},395,0,"9.9","9.9",0,0,120]
["12500103003","Bromuro de ipratropio, 20 mcg, Solución para inhalación, Frasco x 20 ml","Frasco",0,0,0,0,0,0,0,0,0,0,0,0,0,0,0,11,0,"0.0","0.0",22,0,486]
["12800002001","Budesonida, 100 mcg , Spray nasal, Frasco","Frasco",533.5,5,{"v":2667.5,"d":"2,668"},0,0,0,0,0,0,0,0,0,0,5,{"v":2667.5,"d":"2,668"},4,0,"1.3","1.3",3,1600.5,485]
["10100203001","Bupivacaina clorhidrato + glucosa, 0.5% +8.5%, Inyectable, Vial x 4 ml","Vial",22.33,300,{"v":6699,"d":"6,699"},100,{"v":2233,"d":"2,233"},0,0,100,{"v":2233,"d":"2,233"},0,0,0,0,300,{"v":6699,"d":"6,699"},65,10,"4.6","0.0",0,0,3]
["10100202003","Bupivacaina clorhidrato, 0.005, Inyectable, Ampolla x 20 ml","Ampolla",82.5,150,{"v":12375,"d":"12,375"},0,0,0,0,10,825,0,0,0,0,140,{"v":11550,"d":"11,550"},19,0,"7.4","5.6",0,0,2]
["11200106006","Candesartan, 16 mg, Comprimido oral, Blister","Comprimido",2.55,500,{"v":1275,"d":"1,275"},0,0,0,0,0,0,0,0,0,0,500,{"v":1275,"d":"1,275"},100,0,"5.0","5.0",0,0,1163]
["11200106007","Candesartan, 32 mg, Comprimido oral, Blister","Comprimido",3.47,100,347,0,0,0,0,0,0,0,0,0,0,100,347,100,0,"1.0","1.0",100,347,1160]
["11200303001","Captoprilo, 25 mg, Comprimido oral sublingual, Blister","Comprimido",63.14,200,{"v":12628,"d":"12,628"},0,0,0,0,0,0,0,0,0,0,200,{"v":12628,"d":"12,628"},0,0,"00","00",0,0,1169]
["10500002002","Carbamazepina, 200 mg, Comprimido oral, Blister","Comprimido",1.29,{"v":2500,"d":"2,500"},{"v":3225,"d":"3,225"},300,387,0,0,200,258,0,0,0,0,{"v":2600,"d":"2,600"},{"v":3354,"d":"3,354"},600,0,"4.3","4.3",0,0,29]
["10400101001","Carbon activado, , Polvo, Frasco x 50 g","Frasco",3485,4,{"v":13940,"d":"13,940"},2,{"v":6970,"d":"6,970"},0,0,0,0,0,0,0,0,6,{"v":20910,"d":"20,910"},5,0,"1.2","1.2",4,13940,1259]
["12400202001","Carbonato de litio, 300 mg, Comprimido oral, Blister","Comprimido",5.9,{"v":1400,"d":"1,400"},{"v":8260,"d":"8,260"},0,0,0,0,300,{"v":1770,"d":"1,770"},300,{"v":1770,"d":"1,770"},0,0,{"v":1400,"d":"1,400"},{"v":8260,"d":"8,260"},183,0,"7.7","7.7",0,0,118]
["11200102001","Carvedilol, 12.5 mg, Comprimido oral, Blister","Comprimido",0,0,0,0,0,0,0,0,0,0,0,0,0,0,0,100,0,"0.0","0.0",200,0,1079]
["11200102003","Carvedilol, 6.25 mg, Comprimido oral, Blister","Comprimido",0,0,0,0,0,0,0,0,0,0,0,0,0,0,0,100,0,"0.0","0.0",200,0,1260]
["10600207002","Cefalexina anhidra, 250 mg/5ml, Polvo para suspensión oral, Frasco x 120 ml","Frasco",60.4,18,{"v":1087.2,"d":"1,087"},25,{"v":1510,"d":"1,510"},0,0,0,0,0,0,0,0,43,{"v":2597.2,"d":"2,597"},10,0,"4.3","4.3",0,0,1201]
["10600207003","Cefalexina monohidrato, 500 mg, Cápsula oral, Blister","Cápsula",2.54,0,0,100,254,0,0,0,0,0,0,0,0,100,254,133,0,"0.8","0.8",166,421.64,1261]
["10600208004","Cefazolina, 1 g, Polvo para inyección, Vial","Vial",26.53,600,{"v":15918,"d":"15,918"},0,0,0,0,0,0,0,0,0,0,600,{"v":15918,"d":"15,918"},50,0,"12.0","12.0",0,0,1097]
["10600209001","Cefepima, 1 g, Polvo para inyección, Vial","Vial",53.45,0,0,0,0,0,0,0,0,0,0,0,0,0,0,39,0,"0.0","0.0",78,4169.1,37]
["10600210001","Cefotaxima sodica, 1 g, Polvo para inyección, Vial","Vial",19.25,950,{"v":18287.5,"d":"18,288"},0,0,0,0,0,0,0,0,0,0,950,{"v":18287.5,"d":"18,288"},63,0,"15.1","15.1",0,0,38]
["10600212001","Ceftriaxona como sal sodica, 1 g, Polvo para inyección, Vial","Vial",16.38,{"v":1140,"d":"1,140"},{"v":18673.2,"d":"18,673"},200,{"v":3276,"d":"3,276"},0,0,0,0,0,0,0,0,{"v":1340,"d":"1,340"},{"v":21949.2,"d":"21,949"},276,0,"4.9","4.9",0,0,39]
["10300101001","Cetirizina, 10 mg, Comprimido oral, Blister","Comprimido",0,0,0,0,0,0,0,0,0,0,0,0,0,0,0,100,0,"0.0","0.0",200,0,1165]
["10300101002","Cetirizina, 5  mg/5ml, Jarabe, Frasco x 60 ml","Frasco",22,8,176,0,0,0,0,0,0,0,0,0,0,8,176,2,0,"4.0","4.0",0,0,1167]
["10600214001","Ciprofloxacina, 2 mg/ml, Inyectable, Vial x 100 ml","Vial",19.23,64,{"v":1230.72,"d":"1,231"},0,0,0,0,0,0,0,0,0,0,64,{"v":1230.72,"d":"1,231"},13,0,"4.9","4.9",0,0,40]
["12400104008","Citicolina, 500 mg, Tableta, Blister","Tableta",7.98,200,{"v":1596,"d":"1,596"},0,0,0,0,0,0,0,0,0,0,200,{"v":1596,"d":"1,596"},100,0,"2.0","2.0",0,0,111]
["10600215001","Claritromicina, 250 mg/5ml, Suspensión oral, Frasco x 60 ml","Frasco",99,5,495,0,0,0,0,0,0,0,0,0,0,5,495,25,0,"0.2","0.2",45,4455,1080]
["10600216003","Clindamicina, 150 mg/ml, Inyectable, Ampolla x 4 ml","Ampolla",179.16,700,{"v":125412,"d":"125,412"},100,{"v":17916,"d":"17,916"},0,0,0,0,0,0,0,0,800,{"v":143328,"d":"143,328"},130,0,"6.2","6.2",0,0,344]
["11200502001","Clopidogrel bisulfato, 75 mg, Comprimido oral, Blister","Comprimido",1.35,{"v":1300,"d":"1,300"},{"v":1755,"d":"1,755"},0,0,0,0,200,270,0,0,0,0,{"v":1100,"d":"1,100"},{"v":1485,"d":"1,485"},160,0,"6.9","6.9",0,0,77]
["10600218004","Cloranfenicol succinato sodico, 1 g, Polvo para inyección, Vial","Vial",49.5,0,0,100,{"v":4950,"d":"4,950"},0,0,0,0,0,0,0,0,100,{"v":4950,"d":"4,950"},100,0,"1.0","1.0",100,4950,1304]
["11500104005","Clorhexidina digluconato, 0.04, Solución tópica, Frasco","Frasco",493.9,6,{"v":2963.4,"d":"2,963"},0,0,0,0,0,0,0,0,0,0,6,{"v":2963.4,"d":"2,963"},0,0,"00","00",0,0,85]
["11500104003","Clorhexidina gluconato , 0.05, Solución tópica, Galón","Galón",493.9,6,{"v":2963.4,"d":"2,963"},0,0,0,0,0,0,0,0,0,0,6,{"v":2963.4,"d":"2,963"},3,0,"2.0","2.0",0,0,84]
["12400101001","Clorpromazina, 100 mg, Comprimido oral, Blister","Comprimido",1.1,200,220,0,0,0,0,0,0,0,0,0,0,200,220,0,0,"00","00",0,0,104]
["12400101004","Clorpromazina, 25 mg /ml, Inyectable, Ampolla x 2 ml","Ampolla",30.8,400,{"v":12320,"d":"12,320"},100,{"v":3080,"d":"3,080"},0,0,0,0,0,0,0,0,500,{"v":15400,"d":"15,400"},138,0,"3.6","3.6",0,0,378]
["12400101006","Clorpromazina, 50 mg /ml, Inyectable, Ampolla x 2 ml","Ampolla",0,0,0,0,0,0,0,0,0,0,0,0,0,0,0,117,0,"0.0","0.0",234,0,685]
["12600202001","Cloruro potasico, 0.2, Inyectable, Ampolla x 10 ml","Ampolla",15.9,425,{"v":6757.5,"d":"6,758"},0,0,0,0,0,0,0,0,0,0,425,{"v":6757.5,"d":"6,758"},50,0,"8.5","8.0",0,0,130]
["12600203001","Cloruro sodico, 0.9%, Inyectable, Frasco x 1 l","Frasco",47.15,242,{"v":11410.3,"d":"11,410"},120,{"v":5658,"d":"5,658"},0,0,60,{"v":2829,"d":"2,829"},0,0,0,0,302,{"v":14239.3,"d":"14,239"},128,0,"2.4","2.4",0,0,131]
["12600203003","Cloruro sodico, 0.9%, Inyectable, Frasco x 100 ml","Frasco",17.59,476,{"v":8372.84,"d":"8,373"},200,{"v":3518,"d":"3,518"},0,0,250,{"v":4397.5,"d":"4,398"},0,0,0,0,426,{"v":7493.34,"d":"7,493"},335,0,"1.3","1.3",244,4291.96,133]
["12600203002","Cloruro sodico, 0.9%, Inyectable, Frasco x 500 ml","Frasco",37.93,209,{"v":7927.37,"d":"7,927"},0,0,0,0,99,{"v":3755.07,"d":"3,755"},0,0,0,0,110,{"v":4172.3,"d":"4,172"},116,0,"0.9","0.9",122,4627.46,132]
["12400102001","Clozapina, 100 mg, Comprimido oral, Blister","Comprimido",4.27,800,{"v":3416,"d":"3,416"},0,0,0,0,100,427,0,0,0,0,700,{"v":2989,"d":"2,989"},100,0,"7.0","7.0",0,0,107]
["12400102002","Clozapina, 25 mg, Comprimido oral, Blister","Comprimido",3.14,0,0,0,0,0,0,0,0,0,0,0,0,0,0,100,0,"0.0","0.0",200,628,108]
["12700020002","Complejo b , (VIT.B1 100 mg, B2 10 mg,  B6 10mg, nicotinamida 100 mg)/ml, Inyectable, Vial x 10ml","Vial",60.44,172,{"v":10395.68,"d":"10,396"},0,0,0,0,0,0,0,0,0,0,172,{"v":10395.68,"d":"10,396"},49,0,"3.5","3.5",0,0,433]
["10600406002","Darunavir, 600 mg, Comprimido oral, Frasco x 120 tabletas","Comprimido",0,0,0,0,0,0,0,0,0,0,0,0,0,0,0,3,0,"0.0","0.0",6,0,350]
["10300202003","Dexametasona fosfato, 4 mg/ml, Inyectable, Ampolla x 1 ml","Ampolla",19.8,{"v":2000,"d":"2,000"},{"v":39600,"d":"39,600"},0,0,0,0,0,0,0,0,0,0,{"v":2000,"d":"2,000"},{"v":39600,"d":"39,600"},150,0,"13.3","13.3",0,0,1317]
["10300202004","Dexametasona fosfato, 4 mg/ml, Inyectable, Ampolla x 2ml","Ampolla",5.19,{"v":1700,"d":"1,700"},{"v":8823,"d":"8,823"},200,{"v":1038,"d":"1,038"},0,0,0,0,0,0,0,0,{"v":1900,"d":"1,900"},{"v":9861,"d":"9,861"},214,0,"8.9","8.9",0,0,341]
["12600204001","Dextrosa (glucosa), 0.05, Inyectable, Frasco x 1 l","Frasco",76.23,520,{"v":39639.6,"d":"39,640"},0,0,0,0,0,0,0,0,0,0,520,{"v":39639.6,"d":"39,640"},24,0,"21.7","19.5",0,0,384]
["12600204006","Dextrosa (glucosa), 0.5, Inyectable, Frasco x 500 ml","Frasco",88.46,80,{"v":7076.8,"d":"7,077"},0,0,0,0,0,0,0,0,0,0,80,{"v":7076.8,"d":"7,077"},30,0,"2.7","2.7",0,0,1083]
["12600204005","Dextrosa (glucosa), 0.5, Inyectable, Vial 20 ml","Vial",19.97,450,{"v":8986.5,"d":"8,987"},0,0,0,0,0,0,0,0,0,0,450,{"v":8986.5,"d":"8,987"},100,0,"4.5","4.5",0,0,134]
["12600205001","Dextrosa + cloruro sodico, 5% + 0.33%, Inyectable, Frasco x 1 l","Frasco",70.77,420,{"v":29723.4,"d":"29,723"},240,{"v":16984.8,"d":"16,985"},0,0,204,{"v":14437.08,"d":"14,437"},0,0,0,0,456,{"v":32271.12,"d":"32,271"},356,0,"1.3","1.3",256,18117.12,440]
["12600205002","Dextrosa + cloruro sodico, 5% + 0.33%, Inyectable, Frasco x 500 ml","Frasco",93.55,773,{"v":72314.15,"d":"72,314"},0,0,0,0,168,{"v":15716.4,"d":"15,716"},0,0,0,0,605,{"v":56597.75,"d":"56,598"},235,2,"2.6","2.6",0,0,135]
["12600205003","Dextrosa + cloruro sodico, 5% + 0.9%, Inyectable, Frasco x 1 l","Frasco",63.97,276,{"v":17655.72,"d":"17,656"},0,0,0,0,24,{"v":1535.28,"d":"1,535"},0,0,0,0,252,{"v":16120.44,"d":"16,120"},34,0,"7.4","7.4",0,0,385]
["11500203001","Dialdehido solucion, , Solución, Galón","Galón",0,0,0,0,0,0,0,0,0,0,0,0,0,0,0,2,0,"0.0","0.0",4,0,550]
["12400302001","Diazepam, 10 mg, Comprimido oral, Blister","Comprimido",3.38,0,0,0,0,0,0,0,0,0,0,0,0,0,0,300,0,"0.0","0.0",600,2028,1142]
["12400302003","Diazepam, 5 mg/ml, Inyectable, Ampolla x 2 ml","Ampolla",20.08,0,0,0,0,0,0,0,0,0,0,0,0,0,0,360,0,"0.0","0.0",720,14457.6,382]
["10200102002","Diclofenaco sodico, 12.5 mg, Supositorio, Blister","Supositorio",3.94,500,{"v":1970,"d":"1,970"},0,0,0,0,100,394,0,0,0,0,400,{"v":1576,"d":"1,576"},133,0,"3.0","3.0",0,0,9]
["10200102008","Diclofenaco sodico, 25 mg /ml, Inyectable, Ampolla x 3 ml","Ampolla",1.58,200,316,{"v":1000,"d":"1,000"},{"v":1580,"d":"1,580"},0,0,500,790,0,0,0,0,700,{"v":1106,"d":"1,106"},796,0,"0.9","0.9",892,1409.36,10]
["10300102001","Difenhidramina, 10 mg/ml, Inyectable, Ampolla x 1 ml","Ampolla",7.37,500,{"v":3685,"d":"3,685"},300,{"v":2211,"d":"2,211"},0,0,0,0,0,0,0,0,800,{"v":5896,"d":"5,896"},392,0,"2.0","2.0",0,0,21]
["10300102002","Difenhidramina, 12.5 mg/5ml, Jarabe, Frasco x 120 ml","Frasco",10.17,78,{"v":793.26,"d":"793"},0,0,0,0,0,0,0,0,0,0,78,{"v":793.26,"d":"793"},15,0,"5.2","5.2",0,0,340]
["10300102004","Difenhidramina, 25 mg, Comprimido oral, Blister","Comprimido",0.34,{"v":2900,"d":"2,900"},986,0,0,0,0,0,0,0,0,0,0,{"v":2900,"d":"2,900"},986,575,0,"5.0","4.2",0,0,22]
["11200401001","Digoxina, 0.25 mg/ml, Inyectable, Ampolla x 2 ml","Ampolla",17.95,680,{"v":12206,"d":"12,206"},0,0,0,0,0,0,0,0,0,0,680,{"v":12206,"d":"12,206"},65,0,"10.5","10.5",0,0,75]
["11200401002","Digoxina, 250 mcg, Comprimido oral, Blister","Comprimido",0,0,0,0,0,0,0,0,0,0,0,0,0,0,0,100,0,"0.0","0.0",200,0,1254]
["11700201005","Dimenhidrinato, 50 mg, Inyectable, Ampolla x 1 ml","Ampolla",4.68,{"v":1500,"d":"1,500"},{"v":7020,"d":"7,020"},0,0,0,0,0,0,0,0,0,0,{"v":1500,"d":"1,500"},{"v":7020,"d":"7,020"},181,0,"8.3","8.3",0,0,94]
["11800401001","Dispositivo intrauterino que contiene cobre, , , Unidad","Sobre",0,0,0,0,0,0,0,0,0,0,0,0,0,0,0,6,0,"0.0","0.0",12,0,371]
["11200402002","Dobutamina clorhidrato, 12.5 mg/ml, Inyectable, Vial x 20 ml","Vial",0,0,0,0,0,0,0,0,0,0,0,0,0,0,0,55,0,"0.0","0.0",110,0,717]
["10600414003","Dolutegravir, 50 mg, Comprimido oral, Frasco","Comprimido",0,0,0,60,0,0,0,60,0,0,0,0,0,0,0,103,0,"0.0","0.0",206,0,58]
["11200403001","Dopamina clorhidrato, 40 mg/ml, Inyectable, Ampolla x 5 ml","Ampolla",19.2,200,{"v":3840,"d":"3,840"},0,0,0,0,0,0,0,0,0,0,200,{"v":3840,"d":"3,840"},0,0,"00","00",0,0,363]
["12700022003","Efedrina sulfato, 60 mg/ml, Inyectable, Ampolla  x 1ml","Ampolla",0,0,0,0,0,0,0,0,0,0,0,0,0,0,0,110,0,"0.0","0.0",220,0,387]
["11200304001","Enalapril maleato, 10 mg, Comprimido oral, Blister","Comprimido",0,0,0,0,0,0,0,0,0,0,0,0,0,0,0,100,0,"0.0","0.0",200,0,360]
["11200304002","Enalapril maleato, 20 mg, Comprimido oral, Blister","Comprimido",0.56,{"v":2200,"d":"2,200"},{"v":1232,"d":"1,232"},0,0,0,0,0,0,0,0,0,0,{"v":2200,"d":"2,200"},{"v":1232,"d":"1,232"},200,0,"11.0","11.0",0,0,361]
["11000202001","Enoxaparina, 20 mg /0.2 ml, Inyectable, Jeringa precargada","Jeringa precargada",112.26,91,{"v":10215.66,"d":"10,216"},0,0,0,0,0,0,0,0,0,0,91,{"v":10215.66,"d":"10,216"},43,0,"2.1","2.1",0,0,66]
["11000202002","Enoxaparina, 40 mg /0.2 ml, Inyectable, Jeringa precargada","Jeringa precargada",103.4,10,{"v":1034,"d":"1,034"},0,0,0,0,0,0,0,0,0,0,10,{"v":1034,"d":"1,034"},15,0,"0.7","0.7",20,2068,431]
["10300204001","Epinefrina (adrenalina), 1 mg/mL, Inyectable, Ampolla x 1 ml","Ampolla",9.85,500,{"v":4925,"d":"4,925"},0,0,0,0,100,985,0,0,0,0,400,{"v":3940,"d":"3,940"},153,0,"2.6","2.6",0,0,342]
["11000102001","Eritropoyetina, 4000 UI / ml, Inyectable, Ampolla x1 ml","Ampolla",160.6,72,{"v":11563.2,"d":"11,563"},0,0,0,0,0,0,0,0,0,0,72,{"v":11563.2,"d":"11,563"},18,0,"4.0","4.0",0,0,778]
["11200503001","Estreptoquinasa, 1500000 UI, Polvo para inyección, Vial","Vial",1729.2,0,0,10,{"v":17292,"d":"17,292"},0,0,10,{"v":17292,"d":"17,292"},0,0,0,0,0,0,10,0,"0.0","0.0",20,34584,78]
["11800303001","Etinilestradiol + levonorgestrel, 30 mcg + 150 mcg, Comprimido oral, Blister","Comprimido",0,0,0,0,0,0,0,0,0,0,0,0,0,0,0,73,0,"0.0","0.0",146,0,370]
["11800601001","Etonogestrel, 68 mg, Implante, Unidad","Caja",0,0,0,4,0,0,0,4,0,0,0,0,0,0,0,3,0,"0.0","0.0",6,0,100]
["10500003004","Fenitoina sodica, 50 mg/ml, Inyectable, Vial x 5 ml","Vial",27.08,76,{"v":2058.08,"d":"2,058"},200,{"v":5416,"d":"5,416"},0,0,0,0,0,0,2,{"v":54.16,"d":"54"},274,{"v":7419.92,"d":"7,420"},113,0,"2.4","2.4",0,0,30]
["10200202001","Fentanilo, 0.1  mg / 2ml, Inyectable, Ampolla x 2 ml","Ampolla",27.34,0,0,0,0,0,0,0,0,0,0,0,0,0,0,125,0,"0.0","0.0",250,6835,461]
["10200202002","Fentanilo, 0.5  mg / 10ml, Inyectable, Ampolla x 10ml","Ampolla",59.37,0,0,0,0,0,0,0,0,0,0,0,0,0,0,200,0,"0.0","0.0",400,23748,639]
["10400204004","Fitomenadiona (vit.k), 10 mg/ml, Inyectable, Ampolla x 5 ml","Ampolla",13.57,400,{"v":5428,"d":"5,428"},0,0,0,0,0,0,0,0,0,0,400,{"v":5428,"d":"5,428"},100,0,"4.0","4.0",0,0,26]
["10600302001","Fluconazol, 150 mg, Cápsula oral, Blister","Cápsula",4.16,269,{"v":1119.04,"d":"1,119"},0,0,0,0,0,0,0,0,0,0,269,{"v":1119.04,"d":"1,119"},100,0,"2.7","2.7",0,0,52]
["10600302002","Fluconazol, 2 mg/mL, Inyectable, Vial x 100 ml","Vial",32.66,37,{"v":1208.42,"d":"1,208"},0,0,0,0,0,0,0,0,0,0,37,{"v":1208.42,"d":"1,208"},19,0,"1.9","1.9",1,32.66,53]
["12400103001","Flufenazina decanoato, 25 mg/ml, Inyectable, Ampolla x 1 ml","Ampolla",610.28,{"v":1734,"d":"1,734"},{"v":1058225.52,"d":"1,058,226"},100,{"v":61028,"d":"61,028"},0,0,100,{"v":61028,"d":"61,028"},0,0,{"v":1734,"d":"1,734"},{"v":1058225.52,"d":"1,058,226"},0,0,133,0,"0.0","0.0",266,162334.48,109]
["10400205005","Flumazenilo, 1 mg, Inyectable, Ampolla x 10 ml","Ampolla",594,10,{"v":5940,"d":"5,940"},20,{"v":11880,"d":"11,880"},0,0,0,0,0,0,0,0,30,{"v":17820,"d":"17,820"},25,0,"1.2","1.2",20,11880,947]
["12400203001","Fluoxetina, 20 mg, Comprimido oral, Blister","Comprimido",0.55,400,220,0,0,0,0,0,0,0,0,0,0,400,220,500,0,"0.8","0.8",600,330,381]
["10600225001","Fosfomicina, 1 g, Polvo para inyección, Vial","Vial",132,100,{"v":13200,"d":"13,200"},0,0,0,0,0,0,0,0,0,0,100,{"v":13200,"d":"13,200"},50,0,"2.0","0.0",0,0,782]
["11600005001","Furosemida, 10 mg/ml, Inyectable, Ampolla x 2 ml","Ampolla",2.47,700,{"v":1729,"d":"1,729"},0,0,0,0,200,494,0,0,0,0,500,{"v":1235,"d":"1,235"},175,0,"2.9","2.9",0,0,366]
["11600005002","Furosemida, 40 mg, Comprimido oral, Blister","Comprimido",0.42,600,252,0,0,0,0,0,0,0,0,0,0,600,252,0,0,"00","00",0,0,90]
["10600226003","Gentamicina sulfato, 40 mg/ml, Inyectable, Ampolla x 2 ml","Ampolla",6.72,100,672,100,672,0,0,0,0,0,0,0,0,200,{"v":1344,"d":"1,344"},100,0,"2.0","2.0",0,0,43]
["10600226004","Gentamicina sulfato, 80 mg/ml, Inyectable, Vial x 2 ml","Vial",12.65,0,0,100,{"v":1265,"d":"1,265"},0,0,0,0,0,0,0,0,100,{"v":1265,"d":"1,265"},100,0,"1.0","1.0",100,1265,783]
["12600206001","Gluconato de calcio, 100 mg/ml, Inyectable, Ampolla x 10 ml","Ampolla",26.56,0,0,100,{"v":2656,"d":"2,656"},0,0,0,0,0,0,0,0,100,{"v":2656,"d":"2,656"},125,0,"0.8","0.8",150,3984,554]
["11500204001","Glutaraldehido, 0.02, Solución, Galón","Galón",3774,16,{"v":60384,"d":"60,384"},0,0,0,0,1,{"v":3774,"d":"3,774"},0,0,0,0,15,{"v":56610,"d":"56,610"},2,0,"7.5","7.5",0,0,365]
["12400104005","Haloperidol, 5 mg/ml, Inyectable, Ampolla x 1 ml","Ampolla",60.04,100,{"v":6004,"d":"6,004"},0,0,0,0,100,{"v":6004,"d":"6,004"},0,0,0,0,0,0,111,0,"0.0","0.0",222,13328.88,432]
["12400104006","Haloperidol, 5 mg/ml, Inyectable, Ampolla x 2 ml","Ampolla",13.73,0,0,0,0,0,0,0,0,0,0,0,0,0,0,70,0,"0.0","0.0",140,1922.2,110]
["11000204001","Heparina soldica, 5000 UI/ ml, Inyectable, Vial  1 ml","Vial",156.59,65,{"v":10178.35,"d":"10,178"},0,0,0,0,0,0,0,0,0,0,65,{"v":10178.35,"d":"10,178"},18,0,"3.6","3.6",0,0,357]
["11600006002","Hidroclorotiazida, 50 mg, Comprimido oral, Blister","Comprimido",1.02,200,204,0,0,0,0,0,0,0,0,0,0,200,204,0,0,"00","00",0,0,1161]
["10300205001","Hidrocortisona sucinato sodico, 100 mg, Polvo para inyección, Vial","Vial",15.75,{"v":4800,"d":"4,800"},{"v":75600,"d":"75,600"},200,{"v":3150,"d":"3,150"},0,0,350,{"v":5512.5,"d":"5,513"},0,0,0,0,{"v":4650,"d":"4,650"},{"v":73237.5,"d":"73,238"},668,0,"7.0","7.0",0,0,25]
["11100103001","Hierro dextrano, 50 mg / ml, Inyectable, Ampolla x 2 ml","Ampolla",22,100,{"v":2200,"d":"2,200"},0,0,0,0,0,0,0,0,0,0,100,{"v":2200,"d":"2,200"},0,0,"00","00",0,0,765]
["11700501001","Hioscina butilbromuro, 20 mg/ml, Inyectable, Ampolla x 1 ml","Ampolla",10.64,400,{"v":4256,"d":"4,256"},0,0,0,0,0,0,0,0,0,0,400,{"v":4256,"d":"4,256"},0,0,"00","00",0,0,95]
["10200103004","Ibuprofeno, 400 mg, Comprimido oral, Blister","Comprimido",0,0,0,0,0,0,0,0,0,0,0,0,0,0,0,150,0,"0.0","0.0",300,0,12]
["10200103005","Ibuprofeno, 600 mg, Comprimido oral, Blister","Comprimido",0.59,100,59,0,0,0,0,0,0,0,0,0,0,100,59,100,0,"1.0","1.0",100,59,1200]
["10600246001","Imipenem + cilastatina, 500 mg + 500 mg, Polvo para inyección, Vial","Vial",154.15,180,{"v":27747,"d":"27,747"},0,0,0,0,0,0,0,0,0,0,180,{"v":27747,"d":"27,747"},25,0,"7.2","6.0",0,0,348]
["11900206001","Inmunoglobulina tetánica, 250 UI, Inyectable, Vial","Vial",735.63,0,0,0,0,0,0,0,0,0,0,0,0,0,0,59,0,"0.0","0.0",118,86804.34,375]
["11800802001","Insulina intermedia nph , 100 UI/ml, Inyectable, Vial x 10 ml","Vial",202.08,20,{"v":4041.6,"d":"4,042"},0,0,0,0,20,{"v":4041.6,"d":"4,042"},0,0,0,0,0,0,15,0,"0.0","0.0",30,6062.4,372]
["11800802003","Insulina mixta 70 / 30 humana, 100 UI/ml, Inyectable, Vial x 10 ml","Vial",190.36,60,{"v":11421.6,"d":"11,422"},0,0,0,0,0,0,0,0,0,0,60,{"v":11421.6,"d":"11,422"},0,0,"00","00",0,0,373]
["11800802004","Insulina regular (cristalina), 100 UI/ml, Inyectable, Vial x 10 ml","Vial",248.2,30,{"v":7446,"d":"7,446"},0,0,0,0,10,{"v":2482,"d":"2,482"},0,0,0,0,20,{"v":4964,"d":"4,964"},10,0,"2.0","2.0",0,0,374]
["10100104001","Ketamina, 50 mg /ml, Inyectable, Vial x 10 ml","Vial",66,0,0,0,0,0,0,0,0,0,0,0,0,0,0,192,0,"0.0","0.0",384,25344,337]
["10200104002","Ketorolaco trometamol, 30 mg / ml, Inyectable, Ampolla x 1 ml","Ampolla",5.05,650,{"v":3282.5,"d":"3,283"},0,0,0,0,1,{"v":5.05,"d":"5"},47,{"v":237.35,"d":"237"},0,0,696,{"v":3514.8,"d":"3,515"},157,99,"4.4","4.4",0,0,14]
["10200104001","Ketorolaco trometamol, 30 mg / ml, Inyectable, Ampolla x 2 ml","Ampolla",25.3,500,{"v":12650,"d":"12,650"},100,{"v":2530,"d":"2,530"},0,0,0,0,0,0,0,0,600,{"v":15180,"d":"15,180"},100,0,"6.0","6.0",0,0,13]
["11200305005","Labetalol clorhidrato, 5 mg / ml, Inyectable, Ampolla","Ampolla",415,70,{"v":29050,"d":"29,050"},0,0,0,0,0,0,0,0,0,0,70,{"v":29050,"d":"29,050"},15,0,"4.7","2.0",0,0,824]
["12600207001","Lactato de ringer (hartmann), , Inyectable, Frasco x 1000 ml","Frasco",57.92,{"v":1788,"d":"1,788"},{"v":103560.96,"d":"103,561"},0,0,0,0,336,{"v":19461.12,"d":"19,461"},0,0,0,0,{"v":1452,"d":"1,452"},{"v":84099.84,"d":"84,100"},478,36,"3.0","3.0",0,0,386]
["12600207002","Lactato de ringer (hartmann), , Inyectable, Frasco x 500 ml","Frasco",37.93,2,{"v":75.86,"d":"76"},0,0,0,0,0,0,0,0,0,0,2,{"v":75.86,"d":"76"},59,24,"0.0","0.0",116,4399.88,959]
["10600229001","Levofloxacina, 5 mg/ml, Inyectable, Vial x 100 ml","Vial",24.6,40,984,0,0,0,0,0,0,0,0,0,0,40,984,13,0,"3.1","3.1",0,0,459]
["10600229002","Levofloxacina, 500 mg, Comprimido oral, Blister","Comprimido",17.54,60,{"v":1052.4,"d":"1,052"},0,0,0,0,0,0,0,0,0,0,60,{"v":1052.4,"d":"1,052"},0,0,"00","00",0,0,690]
["11800305002","Levonorgestrel, 30 mcg, Comprimido oral, Blister","Comprimido",0,0,0,9,0,0,0,9,0,0,0,0,0,0,0,18,0,"0.0","0.0",36,0,99]
["11800305003","Levonorgestrel, 750 mcg, Comprimido oral, Blister","Comprimido",0,0,0,0,0,0,0,0,0,0,0,0,0,0,0,8,0,"0.0","0.0",16,0,1066]
["11801102003","Levotiroxina sal sodica, 25 mcg, Comprimido oral, Blister","Comprimido",0,0,0,0,0,0,0,0,0,0,0,0,0,0,0,100,0,"0.0","0.0",200,0,1096]
["10100205002","Lidocaina clorhidrato + epinefrina, 1 % + 1:200, Inyectable, Vial x 50 ml","Vial",154,40,{"v":6160,"d":"6,160"},0,0,0,0,0,0,22,{"v":3388,"d":"3,388"},0,0,62,{"v":9548,"d":"9,548"},4,0,"15.5","12.0",0,0,5]
["10100204004","Lidocaina clorhidrato, 0.02, Inyectable, Vial x 20 ml","Vial",27.5,195,{"v":5362.5,"d":"5,363"},100,{"v":2750,"d":"2,750"},0,0,0,0,0,0,0,0,295,{"v":8112.5,"d":"8,113"},9,6,"32.8","20.0",0,0,1265]
["10100204005","Lidocaina clorhidrato, 0.02, Inyectable, Vial x 50 ml","Vial",27.5,2,55,0,0,0,0,10,275,96,{"v":2640,"d":"2,640"},0,0,88,{"v":2420,"d":"2,420"},8,0,"11.0","11.0",0,0,4]
["10300103002","Loratadina, 1 mg/ml, Jarabe, Frasco x 90 ml","Frasco",22.35,49,{"v":1095.15,"d":"1,095"},0,0,0,0,0,0,0,0,0,0,49,{"v":1095.15,"d":"1,095"},6,0,"8.2","8.2",0,0,1266]
["10300103001","Loratadina, 10 mg, Comprimido oral, Blister","Comprimido",0.83,100,83,0,0,0,0,0,0,0,0,0,0,100,83,50,0,"2.0","2.0",0,0,1267]
["12400303003","Lorazepam, 2 mg/ml, Inyectable, Ampolla x 1 ml","Ampolla",715,0,0,100,{"v":71500,"d":"71,500"},0,0,100,{"v":71500,"d":"71,500"},0,0,0,0,0,0,98,0,"0.0","0.0",196,140140,1291]
["11200306001","Losartan, 50 mg, Comprimido oral, Blister","Comprimido",0,0,0,0,0,0,0,0,0,0,0,0,0,0,0,100,0,"0.0","0.0",200,0,362]
["11600007002","Manitol, 0.2, Inyectable, Frasco x 250 ml","Frasco",198,0,0,0,0,0,0,0,0,0,0,0,0,0,0,24,0,"0.0","0.0",48,9504,1175]
["10600230001","Meropenem, 1 g, Polvo para inyección, Vial","Vial",89.27,200,{"v":17854,"d":"17,854"},50,{"v":4463.5,"d":"4,464"},0,0,0,0,0,0,0,0,250,{"v":22317.5,"d":"22,318"},52,0,"4.8","4.8",0,0,44]
["11700501002","Metamizol, 1 g/2 ml, Inyectable, Ampolla x 1 ml","Ampolla",123.89,0,0,0,0,0,0,0,0,0,0,0,0,0,0,100,0,"0.0","0.0",200,24778,1220]
["11800803001","Metformina, 500 mg, Comprimido oral, Blister","Comprimido",0,0,0,0,0,0,0,0,0,0,0,0,0,0,0,200,0,"0.0","0.0",400,0,1158]
["11800803002","Metformina, 850 mg, Comprimido oral, Blister","Comprimido",0.85,200,170,0,0,0,0,0,0,0,0,0,0,200,170,100,0,"2.0","0.0",0,0,1093]
["11200307002","Metildopa, 500 mg, Comprimido oral, Blister","Comprimido",1.25,100,125,0,0,0,0,0,0,0,0,0,0,100,125,0,0,"00","00",0,0,1095]
["11800103001","Metilprednisolona, 40 mg /ml, Polvo para inyección, Vial x 1 ml","Vial",55.58,250,{"v":13895,"d":"13,895"},200,{"v":11116,"d":"11,116"},0,0,25,{"v":1389.5,"d":"1,390"},0,0,0,0,425,{"v":23621.5,"d":"23,622"},167,0,"2.5","2.5",0,0,793]
["11800103002","Metilprednisolona, 500 mg, Polvo para inyección, Vial","Vial",112.83,458,{"v":51676.14,"d":"51,676"},0,0,0,0,0,0,0,0,0,0,458,{"v":51676.14,"d":"51,676"},159,0,"2.9","2.0",0,0,96]
["11800103003","Metilprednisolona, 80 mg /ml, Polvo para inyección, Vial x 1 ml","Vial",565.28,715,{"v":404175.2,"d":"404,175"},200,{"v":113056,"d":"113,056"},0,0,270,{"v":152625.6,"d":"152,626"},0,0,0,0,645,{"v":364605.6,"d":"364,606"},111,0,"5.8","5.8",0,0,369]
["11700201003","Metoclopramida clorhidrato, 5 mg/ml, Inyectable, Ampolla x 2 ml","Ampolla",3.96,350,{"v":1386,"d":"1,386"},100,396,0,0,0,0,0,0,0,0,450,{"v":1782,"d":"1,782"},140,0,"3.2","3.2",0,0,93]
["10600231002","Metronidazol, 5 mg/ml, Inyectable, Vial x 100 ml","Vial",16.35,490,{"v":8011.5,"d":"8,012"},100,{"v":1635,"d":"1,635"},0,0,0,0,0,0,0,0,590,{"v":9646.5,"d":"9,647"},55,0,"10.7","10.7",0,0,45]
["10100302003","Midazolam, 5 mg/ml, Inyectable, Ampolla x 3 ml","Ampolla",84.7,0,0,50,{"v":4235,"d":"4,235"},0,0,50,{"v":4235,"d":"4,235"},0,0,0,0,0,0,225,0,"0.0","0.0",450,38115,7]
["10200204001","Morfina sulfato o clorhidrato, 10 mg / ml, Inyectable, Ampolla x 1 ml","Ampolla",121,0,0,0,0,0,0,0,0,0,0,0,0,0,0,133,0,"0.0","0.0",266,32186,1253]
["10200205002","Nalbufina, 10 mg / ml, Inyectable, Ampolla x 2 ml","Ampolla",0,0,0,0,0,0,0,0,0,0,0,0,0,0,0,150,0,"0.0","0.0",300,0,19]
["10400207007","Naloxona clorhidrato, 400 mcg/ml, Inyectable, Ampolla x 1 ml","Ampolla",548.9,0,0,0,0,0,0,0,0,0,0,0,0,0,0,40,0,"0.0","0.0",80,43912,708]
["12000002002","Neostigmina metilsulfato, 0.5 mg/ml, Inyectable, Ampolla x 1 ml","Ampolla",27.09,100,{"v":2709,"d":"2,709"},100,{"v":2709,"d":"2,709"},0,0,0,0,0,0,0,0,200,{"v":5418,"d":"5,418"},80,0,"2.5","2.5",0,0,102]
["12200201001","Nifedipina, 10 mg, Comprimido oral de liberación inmediata, Blister","Comprimido",0.14,0,0,0,0,0,0,0,0,0,0,0,0,0,0,100,0,"0.0","0.0",200,28,103]
["10600306004","Nistatina, 100000 UI/ml, Suspensión oral, Frasco x 30 ml","Frasco",36.92,12,{"v":443.04,"d":"443"},0,0,0,0,0,0,0,0,0,0,12,{"v":443.04,"d":"443"},7,0,"1.7","1.7",2,73.84,1191]
["11300207002","Nitrofurazona, 0.2%, Crema tópica, Tarro x 1 lb","Tarro",153.43,9,{"v":1380.87,"d":"1,381"},0,0,0,0,0,0,0,0,0,0,9,{"v":1380.87,"d":"1,381"},2,0,"4.5","4.5",0,0,80]
["11200104001","Nitroglicerina, 5 mg/ml, Inyectable, Ampolla x 5 ml","Ampolla",170.5,20,{"v":3410,"d":"3,410"},0,0,0,0,0,0,0,0,0,0,20,{"v":3410,"d":"3,410"},0,0,"00","00",0,0,70]
["10300204003","Norepinefrina (noradrenalina), 1 mg/ml , Inyectable, Ampolla x 10 ml","Ampolla",135.48,320,{"v":43353.6,"d":"43,354"},0,0,0,0,0,0,0,0,0,0,320,{"v":43353.6,"d":"43,354"},48,0,"6.7","6.7",0,0,24]
["12400105001","Olanzapina, 10 mg, Comprimido oral, Blister","Comprimido",2.02,500,{"v":1010,"d":"1,010"},0,0,0,0,0,0,0,0,0,0,500,{"v":1010,"d":"1,010"},300,0,"1.7","1.7",100,202,113]
["12400105003","Olanzapina, 5 mg, Comprimido oral, Blister","Comprimido",1.03,{"v":1000,"d":"1,000"},{"v":1030,"d":"1,030"},{"v":3000,"d":"3,000"},{"v":3090,"d":"3,090"},0,0,{"v":3000,"d":"3,000"},{"v":3090,"d":"3,090"},0,0,0,0,{"v":1000,"d":"1,000"},{"v":1030,"d":"1,030"},{"v":1200,"d":"1,200"},0,"0.8","0.8",{"v":1400,"d":"1,400"},1442,114]
["11700101001","Omeprazol, 20 mg, Cápsula oral, Blister","Cápsula",0.43,300,129,0,0,0,0,100,43,0,0,0,0,200,86,133,0,"1.5","1.5",66,28.38,825]
["11700101003","Omeprazol, 40 mg/ml, Polvo para inyección, Vial","Vial",15.37,800,{"v":12296,"d":"12,296"},200,{"v":3074,"d":"3,074"},0,0,200,{"v":3074,"d":"3,074"},0,0,0,0,800,{"v":12296,"d":"12,296"},303,0,"2.6","2.6",0,0,91]
["11300305001","Oxido de zinc, , Loción, Frasco","Frasco",0,0,0,0,0,0,0,0,0,0,0,0,0,0,0,9,0,"0.0","0.0",18,0,1091]
["10200107006","Paracetamol, 10 mg/ml, Inyectable, Ampolla x 10ml","Ampolla",32.35,827,{"v":26753.45,"d":"26,753"},120,{"v":3882,"d":"3,882"},0,0,30,{"v":970.5,"d":"971"},0,0,0,0,917,{"v":29664.95,"d":"29,665"},137,0,"6.7","6.7",0,0,18]
["10200107001","Paracetamol, 100 mg, Supositorio, Blister","Supositorio",5.5,300,{"v":1650,"d":"1,650"},0,0,0,0,0,0,0,0,0,0,300,{"v":1650,"d":"1,650"},150,0,"2.0","2.0",0,0,15]
["10200107003","Paracetamol, 125 mg/5ml, Jarabe, Frasco x 120 ml","Frasco",26.93,270,{"v":7271.1,"d":"7,271"},0,0,0,0,6,{"v":161.58,"d":"162"},0,0,0,0,264,{"v":7109.52,"d":"7,110"},14,0,"18.9","14.1",0,0,16]
["10200107005","Paracetamol, 500 mg, Comprimido oral, Blister","Comprimido",0.28,0,0,300,84,0,0,0,0,0,0,0,0,300,84,255,0,"1.2","1.2",210,58.8,17]
["10600234001","Penicilina g benzatinica (bencil penicilina) , 1,200,000 UI, Polvo para inyección, Vial","Vial",18.32,200,{"v":3664,"d":"3,664"},0,0,0,0,0,0,0,0,0,0,200,{"v":3664,"d":"3,664"},50,0,"4.0","4.0",0,0,46]
["10600234002","Penicilina g benzatinica (bencil penicilina) , 2,400,000 UI, Polvo para inyección, Vial","Vial",42.9,100,{"v":4290,"d":"4,290"},0,0,0,0,0,0,0,0,0,0,100,{"v":4290,"d":"4,290"},50,0,"2.0","2.0",0,0,47]
["10600234003","Penicilina g benzatinica (bencil penicilina) , 600,000 UI, Polvo para inyección, Vial","Vial",20.79,100,{"v":2079,"d":"2,079"},0,0,0,0,0,0,0,0,0,0,100,{"v":2079,"d":"2,079"},0,0,"00","00",0,0,1268]
["10600235001","Penicilina g cristalina (bencilpenicilina) en sal sodica o potasica, 1,000,000 UI, Polvo para inyección, Vial","Vial",15.4,100,{"v":1540,"d":"1,540"},0,0,0,0,0,0,0,0,0,0,100,{"v":1540,"d":"1,540"},0,0,"00","00",0,0,1309]
["10600235002","Penicilina g cristalina (bencilpenicilina) en sal sodica o potasica, 5,000,000 UI, Polvo para inyección, Vial","Vial",42.82,400,{"v":17128,"d":"17,128"},50,{"v":2141,"d":"2,141"},0,0,0,0,0,0,0,0,450,{"v":19269,"d":"19,269"},57,0,"7.9","7.9",0,0,48]
["10600236003","Penicilina g procainica(bencilpenicilina procainica), 4,000,000  UI, Polvo para inyección, Vial","Vial",46.75,150,{"v":7012.5,"d":"7,013"},0,0,0,0,0,0,0,0,0,0,150,{"v":7012.5,"d":"7,013"},0,0,"00","00",0,0,49]
["10600236004","Penicilina g procainica(bencilpenicilina procainica), 400,000 UI, Polvo para inyección, Vial","Vial",19.32,50,966,0,0,0,0,0,0,0,0,0,0,50,966,0,0,"00","00",0,0,1174]
["10600237001","Piperacilina + tazobactam, 4.0 g + 500 mg, Polvo para inyección, Vial","Vial",78.64,184,{"v":14469.76,"d":"14,470"},0,0,0,0,10,{"v":786.4,"d":"786"},0,0,0,0,174,{"v":13683.36,"d":"13,683"},21,0,"8.3","8.3",0,0,1179]
["12700014001","Piridoxina (vit. B6) clorhidrato, 25 mg, Comprimido oral, Blister","Comprimido",0,0,0,0,0,0,0,0,0,0,0,0,0,0,0,202,0,"0.0","0.0",404,0,814]
["11800104003","Prednisona, 50 mg, Comprimido oral, Blister","Comprimido",0,0,0,0,0,0,0,0,0,0,0,0,0,0,0,100,0,"0.0","0.0",200,0,97]
["10100106001","Propofol, 10 mg / ml, Inyectable, Ampolla x 20 ml","Ampolla",48.5,150,{"v":7275,"d":"7,275"},0,0,0,0,0,0,0,0,0,0,150,{"v":7275,"d":"7,275"},93,0,"1.6","1.6",36,1746,338]
["12700010003","Proteina pediatrica, , Polvo oral, Lata","Lata",0,24,0,0,0,0,0,0,0,0,0,0,0,24,0,24,0,"1.0","1.0",24,0,1348]
["12400106001","Quetiapina, 100 mg, Comprimido oral, Blister","Comprimido",3.96,300,{"v":1188,"d":"1,188"},100,396,0,0,0,0,0,0,0,0,400,{"v":1584,"d":"1,584"},167,0,"2.4","2.4",0,0,380]
["12400106003","Quetiapina, 25 mg, Comprimido oral, Blister","Comprimido",2.78,220,{"v":611.6,"d":"612"},0,0,0,0,0,0,0,0,0,0,220,{"v":611.6,"d":"612"},400,200,"0.6","0.1",580,1612.4,115]
["12400106005","Quetiapina, 300 mg, Comprimido oral, Blister","Comprimido",5.75,470,{"v":2702.5,"d":"2,703"},0,0,0,0,0,0,0,0,0,0,470,{"v":2702.5,"d":"2,703"},177,0,"2.7","2.7",0,0,952]
["11700102003","Ranitidina clorhidrato, 25 mg/ml, Inyectable, Ampolla x 2 ml","Ampolla",9.6,350,{"v":3360,"d":"3,360"},0,0,0,0,50,480,0,0,0,0,300,{"v":2880,"d":"2,880"},50,0,"6.0","6.0",0,0,367]
["10600240003","Rifampicina, 300 mg, Cápsula oral, Blister","Cápsula",0,0,0,0,0,0,0,0,0,0,0,0,0,0,0,100,0,"0.0","0.0",200,0,50]
["12400107001","Risperidona, 1 mg, Comprimido oral, Blister","Comprimido",0.39,{"v":2000,"d":"2,000"},780,100,39,0,0,0,0,0,0,0,0,{"v":2100,"d":"2,100"},819,200,0,"10.5","10.5",0,0,116]
["12400107002","Risperidona, 2 mg, Comprimido oral, Blister","Comprimido",0.62,600,372,0,0,0,0,0,0,0,0,0,0,600,372,220,0,"2.7","2.7",0,0,117]
["12500104006","Salbutamol sulfato, 10 mg/ml, Solución para inhalación, Frasco","Frasco",0,0,0,0,0,0,0,0,0,0,0,0,0,0,0,100,0,"0.0","0.0",200,0,1240]
["12500104005","Salbutamol sulfato, 5 mg/ml, Solución para inhalación, Frasco x 10 ml","Frasco",20.9,0,0,400,{"v":8360,"d":"8,360"},0,0,100,{"v":2090,"d":"2,090"},466,{"v":9739.4,"d":"9,739"},0,0,766,{"v":16009.4,"d":"16,009"},180,0,"4.3","4.3",0,0,122]
["12600101001","Sales de rehidratacion oral con citrato , 27.9 g/L, Polvo oral, Sobre","Sobre",8.03,400,{"v":3212,"d":"3,212"},200,{"v":1606,"d":"1,606"},0,0,150,{"v":1204.5,"d":"1,205"},0,0,0,0,450,{"v":3613.5,"d":"3,614"},173,0,"2.6","2.6",0,0,128]
["12400104012","Sertralina, 100 mg, Tableta, Blister","Tableta",3.6,500,{"v":1800,"d":"1,800"},0,0,0,0,0,0,0,0,0,0,500,{"v":1800,"d":"1,800"},267,0,"1.9","1.9",34,122.4,1076]
["12400104007","Sertralina, 50 mg, Tableta, Blister","Tableta",2.64,{"v":1200,"d":"1,200"},{"v":3168,"d":"3,168"},100,264,0,0,500,{"v":1320,"d":"1,320"},0,0,0,0,800,{"v":2112,"d":"2,112"},400,0,"2.0","2.0",0,0,1290]
["10100107001","Sevofluorano, , Solución para inhalación, Frasco  x 250 ml","Frasco",2722.5,22,{"v":59895,"d":"59,895"},4,{"v":10890,"d":"10,890"},0,0,0,0,0,0,0,0,26,{"v":70785,"d":"70,785"},5,0,"5.2","5.2",0,0,1]
["11700102004","Sucralfato granulado, 1 g, , Sobre","Sobre",10.66,90,{"v":959.4,"d":"959"},20,{"v":213.2,"d":"213"},0,0,0,0,0,0,0,0,110,{"v":1172.6,"d":"1,173"},38,0,"2.9","2.9",0,0,92]
["11300206003","Sulfadiazina argentica, 0.01, Pomada tópica, Tarro x 400 g","Tarro",378.02,6,{"v":2268.12,"d":"2,268"},4,{"v":1512.08,"d":"1,512"},0,0,2,{"v":756.04,"d":"756"},0,0,0,0,8,{"v":3024.16,"d":"3,024"},2,0,"4.0","4.0",0,0,79]
["10600244005","Sulfametoxazol +trimetoprim (co-trimoxazol), 800 mg + 160 mg, Comprimido oral, Blister","Comprimido",2.08,{"v":2100,"d":"2,100"},{"v":4368,"d":"4,368"},200,416,0,0,0,0,0,0,0,0,{"v":2300,"d":"2,300"},{"v":4784,"d":"4,784"},{"v":1129,"d":"1,129"},0,"2.0","2.0",0,0,457]
["10500006005","Sulfato de magnesio, 0.2, Inyectable, Ampolla x 10 ml","Ampolla",26,625,{"v":16250,"d":"16,250"},100,{"v":2600,"d":"2,600"},0,0,0,0,0,0,0,0,725,{"v":18850,"d":"18,850"},130,0,"5.6","5.6",0,0,31]
["11000105003","Sulfato ferroso, 300 mg, Comprimido oral, Blister","Comprimido",0.19,{"v":1600,"d":"1,600"},304,0,0,0,0,0,0,0,0,0,0,{"v":1600,"d":"1,600"},304,0,0,"00","00",0,0,1147]
["11000106001","Sulfato ferroso+acido folico, 300 mg + 5 mg, Comprimido oral, Blister","Comprimido",1.04,0,0,{"v":1000,"d":"1,000"},{"v":1040,"d":"1,040"},0,0,{"v":1000,"d":"1,000"},{"v":1040,"d":"1,040"},0,0,0,0,0,0,875,0,"0.0","0.0",{"v":1750,"d":"1,750"},1820,65]
["10600418001","Tenofovir + emtricitabina, 300 mg + 200 mg, Comprimido oral, Frasco","Comprimido",0,0,0,36,0,0,0,36,0,0,0,0,0,0,0,31,0,"0.0","0.0",62,0,354]
["10600417001","Tenofovir, 300 mg, Comprimido oral, Frasco x 30 tabletas","Comprimido",0,0,0,0,0,0,0,0,0,0,0,0,0,0,0,19,0,"0.0","0.0",38,0,353]
["10600419004","Tenofovir/emtricitabina/dolutegravir, 25 mg + 200 mg + 50 mg, Tableta, Frasco","Tableta",0,{"v":1080,"d":"1,080"},0,600,0,0,0,432,0,0,0,0,0,{"v":1248,"d":"1,248"},0,513,0,"2.4","2.4",0,0,61]
["10600419003","Tenofovir/lamivudina/efavirenz, 300 mg + 300 mg + 400 mg, Tableta, Frasco","Tableta",0,0,0,0,0,0,0,0,0,0,0,0,0,0,0,43,0,"0.0","0.0",86,0,786]
["12100105001","Tobramicina, 0.3%, Solución oftálmica, Frasco x 10 ml","Frasco",0,0,0,0,0,0,0,0,0,0,0,0,0,0,0,6,0,"0.0","0.0",12,0,1243]
["12100105002","Tobramicina, 0.3%, Solución oftálmica, Frasco x 5 ml","Frasco",53.17,14,{"v":744.38,"d":"744"},0,0,0,0,0,0,0,0,0,0,14,{"v":744.38,"d":"744"},7,0,"2.0","2.0",0,0,1242]
["10600245001","Vancomicina, 1 g, Polvo para inyección, Vial","Vial",98.5,450,{"v":44325,"d":"44,325"},100,{"v":9850,"d":"9,850"},0,0,0,0,0,0,0,0,550,{"v":54175,"d":"54,175"},79,0,"7.0","7.0",0,0,430]
["10600245002","Vancomicina, 500 mg, Polvo para inyección, Vial","Vial",61.03,250,{"v":15257.5,"d":"15,258"},100,{"v":6103,"d":"6,103"},0,0,0,0,0,0,0,0,350,{"v":21360.5,"d":"21,361"},100,0,"3.5","3.5",0,0,51]
["11500106002","Yodopovidona (povidona yodada), 0.1, Solución tópica, Frasco x 1 l","Frasco",451.67,17,{"v":7678.39,"d":"7,678"},0,0,0,0,0,0,0,0,0,0,17,{"v":7678.39,"d":"7,678"},12,0,"1.4","1.4",7,3161.69,86]
["11500106004","Yodopovidona (povidona yodada), 0.1, Solución tópica, Galón","Galón",1089,8,{"v":8712,"d":"8,712"},0,0,0,0,0,0,0,0,0,0,8,{"v":8712,"d":"8,712"},2,0,"4.0","4.0",0,0,87]
["10600422002","Zidovudina + lamivudina, 30 mg + 60 mg, Comprimido oral, Frasco","Comprimido",0,0,0,5,0,0,0,5,0,0,0,0,0,0,0,5,0,"0.0","0.0",10,0,1136]
["21000403002","Aguja raquidea descartable n° 16 g x 3 1/2\"","Empaque",0,0,0,0,0,0,0,0,0,0,0,0,0,0,0,15,0,"0.0","0.0",30,0,397]
["21000403012","Aguja raquidea descartable n° 26 g x 3 1/2\"","Empaque",15.84,50,792,0,0,0,0,0,0,0,0,0,0,50,792,0,0,"00","00",0,0,398]
["21029801001","Algodon absorbentex 1 lb","Unidad",136.56,209,{"v":28541.04,"d":"28,541"},0,0,0,0,19,{"v":2594.64,"d":"2,595"},0,0,0,0,190,{"v":25946.4,"d":"25,946"},23,0,"8.3","8.3",0,0,232]
["21029801002","Algodon planchado 4 x 4 rollo","Unidad",10.57,48,{"v":507.36,"d":"507"},12,{"v":126.84,"d":"127"},0,0,12,{"v":126.84,"d":"127"},0,0,0,0,48,{"v":507.36,"d":"507"},30,0,"1.6","1.6",12,126.84,233]
["21029801003","Algodon planchado 6 x 4 rollo","Unidad",13.27,217,{"v":2879.59,"d":"2,880"},0,0,0,0,0,0,0,0,0,0,217,{"v":2879.59,"d":"2,880"},30,0,"7.2","7.2",0,0,234]
["21029801005","Algodon torunda 0.5 g x 1000 bolitas","Paquete",8.32,200,{"v":1664,"d":"1,664"},0,0,0,0,0,0,0,0,0,0,200,{"v":1664,"d":"1,664"},0,0,"00","00",0,0,235]
["21029801007","Algodon torunda 0.7 g x 1000 bolitas","Paquete",6.84,400,{"v":2736,"d":"2,736"},0,0,0,0,0,0,0,0,0,0,400,{"v":2736,"d":"2,736"},0,0,"00","00",0,0,1140]
["21027701001","Baja lengua madera","Unidad",0.31,0,0,{"v":1600,"d":"1,600"},496,0,0,{"v":1300,"d":"1,300"},403,{"v":5000,"d":"5,000"},{"v":1550,"d":"1,550"},0,0,{"v":5300,"d":"5,300"},{"v":1643,"d":"1,643"},{"v":2777,"d":"2,777"},506,"1.9","1.9",254,78.74,226]
["21019101001","Bajante de sangre","Sobre",0.39,5,{"v":1.95,"d":"2"},0,0,0,0,0,0,0,0,0,0,5,{"v":1.95,"d":"2"},18,0,"0.3","0.3",31,12.09,196]
["21038203001","Bajante de suero con control de flujo cuantificable descartable","Sobre",82.58,250,{"v":20645,"d":"20,645"},0,0,0,0,0,0,0,0,0,0,250,{"v":20645,"d":"20,645"},72,0,"3.5","3.5",0,0,237]
["21038203002","Bajante de suero descartable","Sobre",10.84,{"v":5435,"d":"5,435"},{"v":58915.4,"d":"58,915"},0,0,0,0,350,{"v":3794,"d":"3,794"},0,0,0,0,{"v":5085,"d":"5,085"},{"v":55121.4,"d":"55,121"},359,0,"14.2","14.2",0,0,415]
["21003101001","Bata para examen paciente descartable","Paquete",360.55,10,{"v":3605.5,"d":"3,606"},20,{"v":7211,"d":"7,211"},0,0,0,0,0,0,0,0,30,{"v":10816.5,"d":"10,817"},80,0,"0.4","0.4",130,46871.5,179]
["21003102001","Bata quirurgica esteril descartable","Funda",140,240,{"v":33600,"d":"33,600"},0,0,0,0,0,0,0,0,0,0,240,{"v":33600,"d":"33,600"},43,0,"5.6","5.6",0,0,180]
["20903401006","Bisturi con mango 20","Sobre",0,0,0,0,0,0,0,0,0,0,0,0,0,0,0,20,0,"0.0","0.0",40,0,1247]
["21012405001","Bolsa colectora de orina  2 l","Funda",10.22,390,{"v":3985.8,"d":"3,986"},0,0,0,0,0,0,0,0,0,0,390,{"v":3985.8,"d":"3,986"},35,0,"11.1","11.1",0,0,191]
["21012405002","Bolsa colectora de orina 100 ml","Funda",3.05,{"v":1100,"d":"1,100"},{"v":3355,"d":"3,355"},200,610,0,0,0,0,0,0,0,0,{"v":1300,"d":"1,300"},{"v":3965,"d":"3,965"},100,0,"13.0","13.0",0,0,192]
["21012406002","Bolsa colectora de sangre 450 - 500 ml","Funda",125.4,100,{"v":12540,"d":"12,540"},0,0,0,0,0,0,0,0,0,0,100,{"v":12540,"d":"12,540"},1,0,"100.0","10.0",0,0,1173]
["21024901002","Brazalete pediatrico azul","Sobre",2.01,100,201,200,402,0,0,100,201,0,0,0,0,200,402,100,0,"2.0","2.0",0,0,766]
["21024901003","Brazalete pediatrico rosado","Sobre",1.43,100,143,0,0,0,0,0,0,0,0,0,0,100,143,0,0,"00","00",0,0,767]
["21029703002","Campo desechable (steri drape) fenestrado","Unidad",8.73,0,0,200,{"v":1746,"d":"1,746"},0,0,100,873,0,0,0,0,100,873,131,0,"0.8","0.8",162,1414.26,231]
["20205102001","Canula nasal oxigeno  pediatrica","Funda",11.51,630,{"v":7251.3,"d":"7,251"},0,0,0,0,0,0,0,0,0,0,630,{"v":7251.3,"d":"7,251"},57,0,"11.1","11.1",0,0,144]
["20205102003","Canula nasal oxigeno adulto","Funda",19.47,315,{"v":6133.05,"d":"6,133"},0,0,0,0,0,0,0,0,0,0,315,{"v":6133.05,"d":"6,133"},56,0,"5.6","5.6",0,0,145]
["20205102008","Canula nasal oxigeno recien nacido (ram)  n4902","Funda",12.49,205,{"v":2560.45,"d":"2,560"},0,0,0,0,0,0,0,0,0,0,205,{"v":2560.45,"d":"2,560"},25,0,"8.2","8.2",0,0,1168]
["21005101001","Canula yankauer descartable","Sobre",37.72,525,{"v":19803,"d":"19,803"},0,0,0,0,0,0,0,0,0,0,525,{"v":19803,"d":"19,803"},30,0,"17.5","17.5",0,0,400]
["20205501001","Cateter epidural descartable n° 16","Sobre",0,0,0,0,0,0,0,0,0,0,0,0,0,0,0,10,0,"0.0","0.0",20,0,146]
["20205501002","Cateter epidural descartable n° 17","Sobre",0,0,0,0,0,0,0,0,0,0,0,0,0,0,0,10,0,"0.0","0.0",20,0,147]
["20205501003","Cateter epidural descartable n° 18","Sobre",4.71,300,{"v":1413,"d":"1,413"},0,0,0,0,0,0,0,0,0,0,300,{"v":1413,"d":"1,413"},23,0,"13.0","13.0",0,0,148]
["21005508002","Cateter venoso central  n° 5.0 fr x 13/16 cm","Empaque",1178.54,4,{"v":4714.16,"d":"4,714"},0,0,0,0,0,0,0,0,0,0,4,{"v":4714.16,"d":"4,714"},4,0,"1.0","1.0",4,4714.16,434]
["21005508004","Cateter venoso central doble lumen n° 4.0 fr x 13 cm","Empaque",733.43,25,{"v":18335.75,"d":"18,336"},0,0,0,0,0,0,0,0,0,0,25,{"v":18335.75,"d":"18,336"},5,0,"5.0","5.0",0,0,435]
["21005508005","Cateter venoso central doble lumen n° 4.0 fr x 5/8/13/16 cm","Empaque",0,0,0,0,0,0,0,0,0,0,0,0,0,0,0,5,0,"0.0","0.0",10,0,401]
["21005508006","Cateter venoso central doble lumen n° 5.0 fr x 13/16 cm","Empaque",2343.53,25,{"v":58588.25,"d":"58,588"},0,0,0,0,0,0,0,0,0,0,25,{"v":58588.25,"d":"58,588"},7,0,"3.6","3.6",0,0,402]
["21005508007","Cateter venoso central triple lumen n° 7.0 fr x 16/20/30 cm","Empaque",1028.06,41,{"v":42150.46,"d":"42,150"},0,0,0,0,0,0,0,0,0,0,41,{"v":42150.46,"d":"42,150"},5,0,"8.2","4.6",0,0,403]
["21005503003","Cateter venoso periferico (corto) nº 18 g x 2\"","Empaque",8.18,400,{"v":3272,"d":"3,272"},100,818,0,0,0,0,0,0,0,0,500,{"v":4090,"d":"4,090"},150,0,"3.3","3.3",0,0,185]
["21005503004","Cateter venoso periferico (corto) nº 20 g x 1 ¼”","Empaque",9.87,{"v":1650,"d":"1,650"},{"v":16285.5,"d":"16,286"},100,987,0,0,0,0,0,0,0,0,{"v":1750,"d":"1,750"},{"v":17272.5,"d":"17,273"},125,0,"14.0","14.0",0,0,186]
["21005503005","Cateter venoso periferico (corto) nº 22 g x 1\"","Empaque",7.97,200,{"v":1594,"d":"1,594"},0,0,0,0,150,{"v":1195.5,"d":"1,196"},0,0,0,0,50,{"v":398.5,"d":"399"},555,0,"0.1","0.1",{"v":1060,"d":"1,060"},8448.2,187]
["21005503006","Cateter venoso periferico (corto) nº 24 g x 3/4\"","Empaque",9.21,{"v":2800,"d":"2,800"},{"v":25788,"d":"25,788"},{"v":1000,"d":"1,000"},{"v":9210,"d":"9,210"},0,0,600,{"v":5526,"d":"5,526"},0,0,0,0,{"v":3200,"d":"3,200"},{"v":29472,"d":"29,472"},714,0,"4.5","4.5",0,0,188]
["21005701001","Cepillo para muestra cervical de 2 cm con mango de 19 - 20 cm","Empaque",3.98,430,{"v":1711.4,"d":"1,711"},0,0,0,0,0,0,0,0,0,0,430,{"v":1711.4,"d":"1,711"},0,0,"00","00",0,0,189]
["21618801001","Cinta de autoclave 19 mm x 50 m","Unidad",81.03,111,{"v":8994.33,"d":"8,994"},0,0,0,0,0,0,0,0,0,0,111,{"v":8994.33,"d":"8,994"},7,0,"15.9","15.9",0,0,258]
["21047701002","Cinta esterilizacion gas 1\" x 60 yd","Unidad",94.96,20,{"v":1899.2,"d":"1,899"},0,0,0,0,0,0,0,0,0,0,20,{"v":1899.2,"d":"1,899"},6,0,"3.3","3.3",0,0,1202]
["20232902001","Circuito de anestesia adulto","Kit",0,14,0,0,0,0,0,0,0,0,0,0,0,14,0,3,0,"4.7","4.7",0,0,1263]
["20232902002","Circuito de anestesia pediatrico","Kit",206.86,24,{"v":4964.64,"d":"4,965"},0,0,0,0,0,0,0,0,0,0,24,{"v":4964.64,"d":"4,965"},4,0,"6.0","6.0",0,0,1262]
["20232902003","Circuito de ventilacion neonatal","Kit",0,0,0,0,0,0,0,0,0,0,0,0,0,0,0,5,0,"0.0","0.0",10,0,1292]
["21106601002","Collarin reutilizable cervical blando pequeño","Caja",87.13,3,{"v":261.39,"d":"261"},0,0,0,0,3,{"v":261.39,"d":"261"},0,0,0,0,0,0,3,0,"0.0","0.0",6,522.78,1081]
["21007001008","Compresa hemostatica quirurgica","Unidad",158.62,190,{"v":30137.8,"d":"30,138"},0,0,0,0,0,0,0,0,0,0,190,{"v":30137.8,"d":"30,138"},10,0,"19.0","19.0",0,0,1236]
["21007301001","Condon femenino","Unidad",0,0,0,0,0,0,0,0,0,0,0,0,0,0,0,30,0,"0.0","0.0",60,0,1274]
["21007301002","Condon masculino","Unidad",0,0,0,0,0,0,0,0,0,0,0,0,0,0,0,240,0,"0.0","0.0",480,0,190]
["21017602002","Curitas largas","Unidad",90.2,60,{"v":5412,"d":"5,412"},0,0,0,0,0,0,0,0,0,0,60,{"v":5412,"d":"5,412"},52,0,"1.2","1.2",44,3968.8,194]
["20413601001","Electrodo con gel conductor con botón central adulto","Caja",2.13,550,{"v":1171.5,"d":"1,172"},300,639,0,0,200,426,0,0,0,0,650,{"v":1384.5,"d":"1,385"},363,0,"1.8","1.8",76,161.88,393]
["21036001001","Empapador de cama tipo movible descartable","Unidad",8.63,0,0,0,0,0,0,0,0,0,0,0,0,0,0,192,50,"0.0","0.0",384,3313.92,450]
["21038204001","Equipo microgotero con camara graduada 100 ml","Sobre",35.7,490,{"v":17493,"d":"17,493"},0,0,0,0,100,{"v":3570,"d":"3,570"},0,0,0,0,390,{"v":13923,"d":"13,923"},209,0,"1.9","1.9",28,999.6,238]
["21038204002","Equipo microgotero con camara graduada 150 ml","Sobre",37.55,{"v":1860,"d":"1,860"},{"v":69843,"d":"69,843"},0,0,0,0,0,0,0,0,0,0,{"v":1860,"d":"1,860"},{"v":69843,"d":"69,843"},20,0,"93.0","44.0",0,0,239]
["21017601004","Esparadrapo base plastica 1\" x 10 yd","Unidad",91.82,60,{"v":5509.2,"d":"5,509"},0,0,0,0,0,0,0,0,0,0,60,{"v":5509.2,"d":"5,509"},0,0,"00","00",0,0,193]
["21017601006","Esparadrapo base seda (z-o) 1 x 10, 2 x 10, 3 x 10 (tubo x 6 unidades, 2 de cada medida)","Caja",153.56,40,{"v":6142.4,"d":"6,142"},0,0,0,0,35,{"v":5374.6,"d":"5,375"},0,0,0,0,5,{"v":767.8,"d":"768"},151,75,"0.0","0.0",297,45607.32,404]
["21017901002","Especulo vaginal descartable mediano","Empaque",12.54,352,{"v":4414.08,"d":"4,414"},0,0,0,0,0,0,0,0,0,0,352,{"v":4414.08,"d":"4,414"},50,0,"7.0","7.0",0,0,195]
["20601121001","Estandar (calibrador) humano liofilizado multiparametros, Frasco x 5 ml","Frasco",0,0,0,0,0,0,0,0,0,0,0,0,0,0,0,1,0,"0.0","0.0",2,0,167]
["21022902001","Gasa no esteril 36 \"x 100 yd trama (20 x 12)","Unidad",492.5,218,{"v":107365,"d":"107,365"},0,0,0,0,9,{"v":4432.5,"d":"4,433"},0,0,0,0,209,{"v":102932.5,"d":"102,933"},6,0,"34.8","34.8",0,0,197]
["20629902002","Gel de sonografía","Galón",1190,2,{"v":2380,"d":"2,380"},0,0,0,0,0,0,0,0,0,0,2,{"v":2380,"d":"2,380"},0,0,"00","00",0,0,171]
["21029702001","Gorro de cirugia descartable para hombre","Unidad",1.38,{"v":1100,"d":"1,100"},{"v":1518,"d":"1,518"},0,0,0,0,0,0,0,0,0,0,{"v":1100,"d":"1,100"},{"v":1518,"d":"1,518"},360,0,"3.1","3.1",0,0,413]
["21029702002","Gorro de cirugia descartable para mujer","Unidad",0.59,0,0,{"v":1000,"d":"1,000"},590,0,0,0,0,{"v":2000,"d":"2,000"},{"v":1180,"d":"1,180"},0,0,{"v":3000,"d":"3,000"},{"v":1770,"d":"1,770"},500,200,"6.0","6.0",0,0,230]
["21547901003","Guante de goma nitrilo, Caja x 2000","Caja",2520,{"v":1000,"d":"1,000"},{"v":2520000,"d":"2,520,000"},0,0,0,0,200,{"v":504000,"d":"504,000"},200,{"v":504000,"d":"504,000"},0,0,{"v":1000,"d":"1,000"},{"v":2520000,"d":"2,520,000"},300,100,"3.3","3.3",0,0,255]
["21023401002","Guante examen de latex con polvo talla large (l)","Unidad",69.63,{"v":66400,"d":"66,400"},{"v":4623432,"d":"4,623,432"},0,0,0,0,{"v":4000,"d":"4,000"},{"v":278520,"d":"278,520"},0,0,0,0,{"v":62400,"d":"62,400"},{"v":4344912,"d":"4,344,912"},{"v":3667,"d":"3,667"},0,"17.0","17.0",0,0,198]
["21023401004","Guante examen de latex con polvo talla medium (m)","Unidad",28.2,{"v":35000,"d":"35,000"},{"v":987000,"d":"987,000"},0,0,0,0,{"v":11000,"d":"11,000"},{"v":310200,"d":"310,200"},0,0,0,0,{"v":24000,"d":"24,000"},{"v":676800,"d":"676,800"},{"v":12500,"d":"12,500"},0,"1.9","1.9",{"v":1000,"d":"1,000"},28200,199]
["21023401005","Guante examen de latex con polvo talla small (s)","Unidad",1.49,{"v":162000,"d":"162,000"},{"v":241380,"d":"241,380"},0,0,0,0,{"v":2000,"d":"2,000"},{"v":2980,"d":"2,980"},0,0,0,0,{"v":160000,"d":"160,000"},{"v":238400,"d":"238,400"},{"v":1571,"d":"1,571"},0,"101.8","30.0",0,0,406]
["21023402001","Guante quirurgico de latex con polvo n° 6 1/2 (par)","Empaque",0,0,0,0,0,0,0,0,0,0,0,0,0,0,0,100,0,"0.0","0.0",200,0,407]
["21023402002","Guante quirurgico de latex con polvo n° 7 (par)","Empaque",11.78,250,{"v":2945,"d":"2,945"},100,{"v":1178,"d":"1,178"},0,0,50,589,0,0,0,0,300,{"v":3534,"d":"3,534"},150,0,"2.0","2.0",0,0,200]
["21023402003","Guante quirurgico de latex con polvo n° 7 1/2 (par)","Empaque",13.38,550,{"v":7359,"d":"7,359"},0,0,0,0,50,669,0,0,0,0,500,{"v":6690,"d":"6,690"},100,0,"5.0","5.0",0,0,201]
["21023402004","Guante quirurgico de latex con polvo n° 8 (par)","Empaque",8.07,{"v":2750,"d":"2,750"},{"v":22192.5,"d":"22,193"},0,0,0,0,0,0,0,0,0,0,{"v":2750,"d":"2,750"},{"v":22192.5,"d":"22,193"},100,0,"27.5","7.6",0,0,408]
["21023402005","Guante quirurgico de latex con polvo n° 8 1/2 (par)","Empaque",11.66,600,{"v":6996,"d":"6,996"},0,0,0,0,0,0,0,0,0,0,600,{"v":6996,"d":"6,996"},0,0,"00","00",0,0,202]
["21003401003","Hoja bisturi descartable n° 11","Sobre",0,0,0,0,0,0,0,0,0,0,0,0,0,0,0,78,0,"0.0","0.0",156,0,399]
["21003401005","Hoja bisturi descartable n° 15","Sobre",0,0,0,0,0,0,0,0,0,0,0,0,0,0,0,100,0,"0.0","0.0",200,0,181]
["21003401007","Hoja bisturi descartable n° 21","Sobre",0,0,0,0,0,0,0,0,0,0,0,0,0,0,0,167,0,"0.0","0.0",334,0,183]
["21003401008","Hoja bisturi descartable n° 22","Sobre",1.93,100,193,0,0,0,0,0,0,0,0,0,0,100,193,150,0,"0.7","0.7",200,386,184]
["20235501001","Humidificador de oxigeno","Funda",55.95,420,{"v":23499,"d":"23,499"},0,0,0,0,0,0,0,0,0,0,420,{"v":23499,"d":"23,499"},43,0,"9.8","9.8",0,0,153]
["21026105001","Jeringa descartable 1 ml con aguja  29 g x 1/2\"","Sobre",0,500,0,0,0,0,0,0,0,0,0,0,0,500,0,0,0,"00","00",0,0,1322]
["21026105013","Jeringa descartable 1 ml con aguja 22 g x 1\" autobloqueante","Sobre",0,20,0,20,0,0,0,20,0,0,0,0,0,20,0,20,0,"1.0","1.0",20,0,1303]
["21026105003","Jeringa descartable 1 ml con aguja 25 g x 5/8\"","Sobre",0,600,0,0,0,0,0,0,0,0,0,0,0,600,0,0,0,"00","00",0,0,1324]
["21026105005","Jeringa descartable 1 ml con aguja 27 g x 1/2\"","Sobre",0,{"v":2000,"d":"2,000"},0,0,0,0,0,0,0,0,0,0,0,{"v":2000,"d":"2,000"},0,200,0,"10.0","10.0",0,0,1321]
["21026105006","Jeringa descartable 10 ml con aguja 21 g x 1 1/2\"","Sobre",2.16,100,216,0,0,0,0,0,0,0,0,100,216,0,0,{"v":2925,"d":"2,925"},{"v":1300,"d":"1,300"},"0.0","0.0",{"v":5850,"d":"5,850"},12636,222]
["21026105007","Jeringa descartable 20 ml con aguja  21 g x 1 1/2\"","Sobre",3.4,{"v":1250,"d":"1,250"},{"v":4250,"d":"4,250"},400,{"v":1360,"d":"1,360"},0,0,450,{"v":1530,"d":"1,530"},0,0,0,0,{"v":1200,"d":"1,200"},{"v":4080,"d":"4,080"},459,0,"2.6","2.6",0,0,223]
["21026105008","Jeringa descartable 3 ml con aguja  23 g x 1 1/2\"","Sobre",1.47,{"v":1100,"d":"1,100"},{"v":1617,"d":"1,617"},0,0,0,0,0,0,0,0,0,0,{"v":1100,"d":"1,100"},{"v":1617,"d":"1,617"},{"v":1040,"d":"1,040"},0,"1.1","1.1",980,1440.6,1320]
["21026105009","Jeringa descartable 3 ml con aguja 21 g x 1 1/2\"","Sobre",1.45,{"v":23900,"d":"23,900"},{"v":34655,"d":"34,655"},0,0,0,0,{"v":1600,"d":"1,600"},{"v":2320,"d":"2,320"},0,0,0,0,{"v":22300,"d":"22,300"},{"v":32335,"d":"32,335"},{"v":2028,"d":"2,028"},240,"11.0","11.0",0,0,224]
["21026105011","Jeringa descartable 5 ml con aguja 21 g x 1 1/2\"","Sobre",1.47,{"v":2700,"d":"2,700"},{"v":3969,"d":"3,969"},{"v":2000,"d":"2,000"},{"v":2940,"d":"2,940"},0,0,{"v":1100,"d":"1,100"},{"v":1617,"d":"1,617"},0,0,0,0,{"v":3600,"d":"3,600"},{"v":5292,"d":"5,292"},{"v":1745,"d":"1,745"},0,"2.1","2.1",0,0,225]
["21026105012","Jeringa descartable 50 ml con aguja 16 g","Sobre",10.09,125,{"v":1261.25,"d":"1,261"},0,0,0,0,0,0,0,0,0,0,125,{"v":1261.25,"d":"1,261"},38,0,"3.3","3.3",0,0,1326]
["21026102001","Jeringa descartable 50 ml de bulbo sin aguja","Sobre",9.73,550,{"v":5351.5,"d":"5,352"},0,0,0,0,0,0,0,0,0,0,550,{"v":5351.5,"d":"5,352"},0,0,"00","00",0,0,221]
["21026101001","Jeringa descartable de insulina 1 ml con aguja  27 g x  1/2\"","Sobre",1.4,0,0,0,0,0,0,0,0,0,0,0,0,0,0,263,0,"0.0","0.0",526,736.4,220]
["20629901001","Lanceta descartable","Unidad",111,4,444,0,0,0,0,0,0,0,0,0,0,4,444,100,0,"0.0","0.0",196,21756,686]
["20413401001","Lapiz para electro cauterio","Empaque",57.99,875,{"v":50741.25,"d":"50,741"},100,{"v":5799,"d":"5,799"},0,0,0,0,0,0,0,0,975,{"v":56540.25,"d":"56,540"},29,0,"33.6","28.0",0,0,392]
["21038202002","Llave de paso de tres vias descartable","Sobre",12.38,0,0,0,0,0,0,0,0,0,0,0,0,0,0,34,0,"0.0","0.0",68,841.84,236]
["20229601001","Mascarilla de oxigeno adulto","Funda",18.92,318,{"v":6016.56,"d":"6,017"},0,0,0,0,0,0,0,0,0,0,318,{"v":6016.56,"d":"6,017"},38,0,"8.4","8.4",0,0,480]
["20229603001","Mascarilla de oxigeno con bolsa de reservorio pediatrica","Kit",27.19,537,{"v":14601.03,"d":"14,601"},0,0,0,0,0,0,0,0,0,0,537,{"v":14601.03,"d":"14,601"},37,0,"14.5","14.5",0,0,622]
["20229603002","Mascarilla de oxigeno con bolsa reservorio adulto","Kit",89.9,285,{"v":25621.5,"d":"25,622"},0,0,0,0,0,0,0,0,0,0,285,{"v":25621.5,"d":"25,622"},18,0,"15.8","7.0",0,0,152]
["20229601002","Mascarilla de oxigeno neonatal","Funda",35.85,28,{"v":1003.8,"d":"1,004"},20,717,0,0,0,0,0,0,0,0,48,{"v":1720.8,"d":"1,721"},22,0,"2.2","2.2",0,0,1170]
["20229601003","Mascarilla de oxigeno pediatrica","Funda",20.47,{"v":3100,"d":"3,100"},{"v":63457,"d":"63,457"},0,0,0,0,0,0,0,0,0,0,{"v":3100,"d":"3,100"},{"v":63457,"d":"63,457"},60,0,"51.7","48.0",0,0,388]
["21029601002","Mascarilla descartable n95","Unidad",23.1,592,{"v":13675.2,"d":"13,675"},0,0,0,0,0,0,0,0,0,0,592,{"v":13675.2,"d":"13,675"},121,0,"4.9","4.9",0,0,228]
["20229602001","Mascarilla para nebulizacion adulto (kit)","Kit",23.78,335,{"v":7966.3,"d":"7,966"},0,0,0,0,100,{"v":2378,"d":"2,378"},0,0,235,{"v":5588.3,"d":"5,588"},0,0,329,200,"0.0","0.0",658,15647.24,150]
["20229602002","Mascarilla para nebulizacion pediatrico (kit)","Kit",23.2,0,0,{"v":1200,"d":"1,200"},{"v":27840,"d":"27,840"},0,0,279,{"v":6472.8,"d":"6,473"},79,{"v":1832.8,"d":"1,833"},0,0,{"v":1000,"d":"1,000"},{"v":23200,"d":"23,200"},527,100,"1.9","1.9",54,1252.8,151]
["21029601001","Mascarilla quirurgica descartable","Unidad",3.29,{"v":51300,"d":"51,300"},{"v":168777,"d":"168,777"},0,0,0,0,{"v":2700,"d":"2,700"},{"v":8883,"d":"8,883"},0,0,0,0,{"v":48600,"d":"48,600"},{"v":159894,"d":"159,894"},{"v":2538,"d":"2,538"},0,"19.1","15.0",0,0,227]
["20534602001","Orinal para hombre","Unidad",50.31,34,{"v":1710.54,"d":"1,711"},0,0,0,0,0,0,0,0,0,0,34,{"v":1710.54,"d":"1,711"},4,0,"8.5","8.5",0,0,718]
["21047902001","Pañal descartable para adulto (l)","Unidad",34.67,70,{"v":2426.9,"d":"2,427"},0,0,0,0,0,0,0,0,0,0,70,{"v":2426.9,"d":"2,427"},23,0,"3.0","3.0",0,0,420]
["21047902002","Pañal descartable para adulto (m)","Unidad",33.41,10,{"v":334.1,"d":"334"},0,0,0,0,0,0,0,0,0,0,10,{"v":334.1,"d":"334"},19,0,"0.5","0.5",28,935.48,1180]
["21047901001","Pañal descartable para neonato","Unidad",0,40,0,0,0,0,0,0,0,0,0,0,0,40,0,20,0,"2.0","2.0",0,0,1182]
["21047901002","Pañal descartable para niños (l)","Unidad",9.14,84,{"v":767.76,"d":"768"},0,0,0,0,0,0,0,0,0,0,84,{"v":767.76,"d":"768"},25,0,"3.4","3.4",0,0,1183]
["21047901003","Pañal descartable para niños (m)","Unidad",8.12,716,{"v":5813.92,"d":"5,814"},0,0,0,0,0,0,0,0,0,0,716,{"v":5813.92,"d":"5,814"},23,0,"31.1","21.0",0,0,1184]
["21047901004","Pañal descartable para niños (s)","Unidad",7.24,294,{"v":2128.56,"d":"2,129"},0,0,0,0,0,0,0,0,0,0,294,{"v":2128.56,"d":"2,129"},38,0,"7.7","7.7",0,0,1185]
["20436106001","Papel de sonografia 110 mm x 20  m","Unidad",14.7,70,{"v":1029,"d":"1,029"},0,0,0,0,0,0,0,0,0,0,70,{"v":1029,"d":"1,029"},0,0,"00","00",0,0,448]
["20436102002","Papel ekg 80mm por 20mm","Unidad",0,0,0,0,0,0,0,0,0,0,0,0,0,0,0,20,0,"0.0","0.0",40,0,395]
["21029701001","Papel para camilla (20 \" x 50 yda)","Unidad",104.36,389,{"v":40596.04,"d":"40,596"},200,{"v":20872,"d":"20,872"},0,0,130,{"v":13566.8,"d":"13,567"},0,0,0,0,459,{"v":47901.24,"d":"47,901"},215,0,"2.1","2.1",0,0,229]
["20436102006","Papel sonografico upp 110s sony 110mm po 20 mm","Unidad",0,0,0,0,0,0,0,0,0,0,0,0,0,0,0,10,0,"0.0","0.0",20,0,396]
["20534601001","Pato para mujer","Unidad",0,0,0,0,0,0,0,0,0,0,0,0,0,0,0,3,0,"0.0","0.0",6,0,1152]
["21000405002","Pericraneal n° 21","Sobre",2.64,900,{"v":2376,"d":"2,376"},0,0,0,0,0,0,0,0,0,0,900,{"v":2376,"d":"2,376"},225,0,"4.0","4.0",0,0,177]
["21000405003","Pericraneal n° 23","Sobre",2.24,400,896,400,896,0,0,100,224,0,0,0,0,700,{"v":1568,"d":"1,568"},314,0,"2.2","2.2",0,0,453]
["21000405004","Pericraneal n° 25","Sobre",2.3,700,{"v":1610,"d":"1,610"},100,230,0,0,0,0,0,0,0,0,800,{"v":1840,"d":"1,840"},382,0,"2.1","2.1",0,0,178]
["20942901001","Perita nasal","Caja",19.07,273,{"v":5206.11,"d":"5,206"},50,{"v":953.5,"d":"954"},0,0,30,{"v":572.1,"d":"572"},0,0,0,0,293,{"v":5587.51,"d":"5,588"},62,0,"4.7","4.7",0,0,174]
["20413602001","Placa para electro cauterio","Empaque",151.31,641,{"v":96989.71,"d":"96,990"},0,0,0,0,0,0,0,0,0,0,641,{"v":96989.71,"d":"96,990"},14,0,"45.8","15.6",0,0,394]
["20639714002","Prueba confirmatoria","Frasco",0,4,0,0,0,0,0,0,0,0,0,0,0,4,0,0,0,"00","00",0,0,173]
["20639714001","Prueba tamizaje","Frasco",0,13,0,0,0,0,0,0,0,0,0,0,0,13,0,0,0,"00","00",0,0,172]
["20239801001","Resucitador manual adulto","Caja",298.8,6,{"v":1792.8,"d":"1,793"},0,0,0,0,0,0,0,0,0,0,6,{"v":1792.8,"d":"1,793"},2,0,"3.0","3.0",0,0,154]
["20239801002","Resucitador manual neonatal","Caja",302.98,8,{"v":2423.84,"d":"2,424"},2,{"v":605.96,"d":"606"},0,0,0,0,0,0,0,0,10,{"v":3029.8,"d":"3,030"},3,0,"3.3","3.3",0,0,567]
["20239801003","Resucitador manual pediatrico","Caja",289.05,0,0,5,{"v":1445.25,"d":"1,445"},0,0,0,0,0,0,0,0,5,{"v":1445.25,"d":"1,445"},4,0,"1.3","1.3",3,867.15,566]
["20540002001","Riñonera plastica","Unidad",0,28,0,0,0,0,0,0,0,0,0,0,0,28,0,0,0,"00","00",0,0,1332]
["21012409001","Sello de agua","Unidad",0,0,0,0,0,0,0,0,0,0,0,0,0,0,0,3,0,"0.0","0.0",6,0,509]
["21042603001","Sonda alimentacion nasoduodenal n° 10","Funda",1595,97,{"v":154715,"d":"154,715"},0,0,0,0,0,0,0,0,0,0,97,{"v":154715,"d":"154,715"},20,0,"4.9","4.9",0,0,1269]
["21042603002","Sonda alimentacion nasoduodenal n° 12","Funda",1754.5,50,{"v":87725,"d":"87,725"},0,0,0,0,0,0,0,0,0,0,50,{"v":87725,"d":"87,725"},20,0,"2.5","2.5",0,0,711]
["21042604001","Sonda de alimentacion nasogastrica tipo levin n° 10 fr (levin)","Funda",66.76,0,0,0,0,0,0,0,0,0,0,0,0,0,0,15,0,"0.0","0.0",30,2002.8,245]
["21042604002","Sonda de alimentacion nasogastrica tipo levin n° 12 fr (levin)","Funda",248.01,162,{"v":40177.62,"d":"40,178"},0,0,0,0,0,0,0,0,0,0,162,{"v":40177.62,"d":"40,178"},13,0,"12.5","0.4",0,0,246]
["21042604003","Sonda de alimentacion nasogastrica tipo levin n° 14 fr (levin)","Funda",33,30,990,0,0,0,0,19,627,0,0,0,0,11,363,13,0,"0.8","0.8",15,495,247]
["21042604004","Sonda de alimentacion nasogastrica tipo levin n° 16 fr (levin)","Funda",7.44,229,{"v":1703.76,"d":"1,704"},0,0,0,0,0,0,0,0,0,0,229,{"v":1703.76,"d":"1,704"},0,0,"00","00",0,0,713]
["21042604005","Sonda de alimentacion nasogastrica tipo levin n° 18 fr (levin)","Funda",19.98,43,{"v":859.14,"d":"859"},20,{"v":399.6,"d":"400"},0,0,0,0,0,0,0,0,63,{"v":1258.74,"d":"1,259"},0,0,"00","00",0,0,714]
["21042604007","Sonda de alimentacion nasogastrica tipo levin n° 5 fr","Funda",6.44,64,{"v":412.16,"d":"412"},0,0,0,0,0,0,0,0,0,0,64,{"v":412.16,"d":"412"},10,0,"6.4","6.4",0,0,248]
["21042604008","Sonda de alimentacion nasogastrica tipo levin n° 6 fr (levin)","Funda",5.3,606,{"v":3211.8,"d":"3,212"},0,0,0,0,0,0,0,0,0,0,606,{"v":3211.8,"d":"3,212"},0,0,"00","00",0,0,1246]
["21042604009","Sonda de alimentacion nasogastrica tipo levin n° 8 fr (levin)","Funda",5.3,190,{"v":1007,"d":"1,007"},0,0,0,0,0,0,0,0,0,0,190,{"v":1007,"d":"1,007"},60,0,"3.2","3.2",0,0,249]
["21042604011","Sonda nutricion enteral n° 10","Funda",1595,50,{"v":79750,"d":"79,750"},0,0,0,0,0,0,0,0,0,0,50,{"v":79750,"d":"79,750"},7,0,"7.1","7.1",0,0,1255]
["21042604012","Sonda nutricion enteral n° 8","Funda",0,0,0,0,0,0,0,0,0,0,0,0,0,0,0,12,0,"0.0","0.0",24,0,1256]
["21042602001","Sonda vesical tipo foley 2 vias n° 10","Funda",49.91,46,{"v":2295.86,"d":"2,296"},0,0,0,0,0,0,0,0,0,0,46,{"v":2295.86,"d":"2,296"},7,0,"6.6","6.6",0,0,240]
["21042602002","Sonda vesical tipo foley 2 vias n° 12","Funda",59,32,{"v":1888,"d":"1,888"},0,0,0,0,0,0,0,0,0,0,32,{"v":1888,"d":"1,888"},8,0,"4.0","4.0",0,0,241]
["21042602003","Sonda vesical tipo foley 2 vias n° 14","Funda",26.34,70,{"v":1843.8,"d":"1,844"},0,0,0,0,0,0,0,0,0,0,70,{"v":1843.8,"d":"1,844"},10,0,"7.0","7.0",0,0,242]
["21042602004","Sonda vesical tipo foley 2 vias n° 16","Funda",24.64,40,{"v":985.6,"d":"986"},0,0,0,0,0,0,0,0,0,0,40,{"v":985.6,"d":"986"},0,0,"00","00",0,0,243]
["21042602005","Sonda vesical tipo foley 2 vias n° 18","Funda",18.56,24,{"v":445.44,"d":"445"},0,0,0,0,0,0,0,0,0,0,24,{"v":445.44,"d":"445"},10,0,"2.4","2.4",0,0,416]
["21042602007","Sonda vesical tipo foley 2 vias n° 22","Funda",65.75,10,{"v":657.5,"d":"658"},0,0,0,0,0,0,0,0,0,0,10,{"v":657.5,"d":"658"},0,0,"00","00",0,0,1318]
["21042602009","Sonda vesical tipo foley 2 vias n° 8","Funda",37.4,10,374,10,374,0,0,0,0,0,0,0,0,20,748,12,0,"1.7","1.7",4,149.6,244]
["21024102003","Sutura antimicrobiana de poliglactina trenzado 0 con aguja curva roma 1/2 de 22 mm x 70 cm","Sobre",77,96,{"v":7392,"d":"7,392"},0,0,0,0,0,0,0,0,0,0,96,{"v":7392,"d":"7,392"},0,0,"00","00",0,0,610]
["21024102004","Sutura antimicrobiana de poliglactina trenzado 1 con aguja curva cortante 1/2 de 26 mm x 70 cm","Sobre",68.2,144,{"v":9820.8,"d":"9,821"},96,{"v":6547.2,"d":"6,547"},0,0,0,0,0,0,0,0,240,{"v":16368,"d":"16,368"},0,0,"00","00",0,0,1351]
["21024102006","Sutura antimicrobiana de poliglactina trenzado 2-0 con aguja curva cortante 1/2 de 27 mm x 70 cm","Sobre",51.14,0,0,72,{"v":3682.08,"d":"3,682"},0,0,0,0,0,0,0,0,72,{"v":3682.08,"d":"3,682"},36,0,"2.0","2.0",0,0,1258]
["21024102001","Sutura antimicrobiana de poliglactina trenzado 3-0 con aguja curva roma 1/2 de 13 mm x 70 cm (peritoneo)","Sobre",74.8,24,{"v":1795.2,"d":"1,795"},36,{"v":2692.8,"d":"2,693"},0,0,0,0,0,0,0,0,60,{"v":4488,"d":"4,488"},0,0,"00","00",0,0,1357]
["21024102002","Sutura antimicrobiana de poliglactina trenzado 3-0 con aguja curva roma 1/2 de 26 mm x 70 cm","Sobre",55.99,48,{"v":2687.52,"d":"2,688"},96,{"v":5375.04,"d":"5,375"},0,0,0,0,0,0,0,0,144,{"v":8062.56,"d":"8,063"},0,0,"00","00",0,0,203]
["21024102010","Sutura antimicrobiana de poliglactina trenzado 4-0 con aguja curva cortante 3/8 de 19 mm x 45 cm","Sobre",63.48,24,{"v":1523.52,"d":"1,524"},24,{"v":1523.52,"d":"1,524"},0,0,0,0,0,0,0,0,48,{"v":3047.04,"d":"3,047"},0,0,"00","00",0,0,1352]
["21024102012","Sutura antimicrobiana de poliglactina trenzado 4-0 con aguja curva roma 1/2 de 26 mm x 70 cm","Sobre",72.6,0,0,24,{"v":1742.4,"d":"1,742"},0,0,24,{"v":1742.4,"d":"1,742"},0,0,0,0,0,0,36,0,"0.0","0.0",72,5227.2,204]
["21024102015","Sutura antimicrobiana de poliglactina trenzado 6-0 con aguja curva cortante 3/8 de 13 mm x 45 cm","Sobre",69.12,48,{"v":3317.76,"d":"3,318"},96,{"v":6635.52,"d":"6,636"},0,0,24,{"v":1658.88,"d":"1,659"},0,0,0,0,120,{"v":8294.4,"d":"8,294"},24,0,"5.0","5.0",0,0,1353]
["21024104003","Sutura de acido poliglicolico 1-0 con  aguja curva roma 1/2 de 35 mm x 75 cm","Sobre",43.99,24,{"v":1055.76,"d":"1,056"},0,0,0,0,0,0,0,0,0,0,24,{"v":1055.76,"d":"1,056"},0,0,"00","00",0,0,1355]
["21024104007","Sutura de acido poliglicolico 3-0 con aguja curva cortante 3/8 de 25 mm x 75 cm","Sobre",0,0,0,0,0,0,0,0,0,{"v":1200,"d":"1,200"},0,0,0,{"v":1200,"d":"1,200"},0,0,0,"00","00",0,0,1364]
["21024104008","Sutura de acido poliglicolico 3-0 con aguja curva roma 1/2 de 26 mm x 75 cm","Sobre",46.32,24,{"v":1111.68,"d":"1,112"},0,0,0,0,0,0,0,0,0,0,24,{"v":1111.68,"d":"1,112"},0,0,"00","00",0,0,1349]
["21024105001","Sutura de catgut cromado 0 con aguja curva roma 1/2 de 36.4 mm x 75 mm","Sobre",35.54,0,0,48,{"v":1705.92,"d":"1,706"},0,0,0,0,0,0,0,0,48,{"v":1705.92,"d":"1,706"},0,0,"00","00",0,0,207]
["21024105004","Sutura de catgut cromado 2-0 con aguja curva roma 1/2 de 36.4 mm x 70 cm","Sobre",33.5,0,0,0,0,0,0,0,0,0,0,0,0,0,0,24,0,"0.0","0.0",48,1608,209]
["21024105006","Sutura de catgut cromado 3-0 con aguja curva roma 1/2  de 25 mm x 70 cm","Sobre",33.5,0,0,96,{"v":3216,"d":"3,216"},0,0,0,0,0,0,0,0,96,{"v":3216,"d":"3,216"},40,0,"2.4","2.4",0,0,210]
["21024105007","Sutura de catgut cromado 4-0 con aguja curva roma 1/2 de 25 mm x 70 cm","Sobre",33.55,192,{"v":6441.6,"d":"6,442"},0,0,0,0,0,0,0,0,0,0,192,{"v":6441.6,"d":"6,442"},24,0,"8.0","8.0",0,0,211]
["21024106003","Sutura de nailon monofilamento 2-0 con aguja curva cortante 3/8 de 18.7 mm x 75 cm","Sobre",0,0,0,0,0,0,0,0,0,0,0,0,0,0,0,24,0,"0.0","0.0",48,0,212]
["21024106005","Sutura de nailon monofilamento 2-0 con aguja curva cortante 3/8 de 63 mm x 45 cm","Sobre",48.41,0,0,0,0,0,0,0,0,0,0,0,0,0,0,36,0,"0.0","0.0",72,3485.52,609]
["21024106006","Sutura de nailon monofilamento 3-0  con aguja curva cortante 3/8 de 24.3 mm x 45 cm","Sobre",63.27,0,0,0,0,0,0,0,0,0,0,0,0,0,0,57,0,"0.0","0.0",114,7212.78,608]
["21024106007","Sutura de nailon monofilamento 3-0 con aguja curva cortante 3/8 de 19 mm x 45 cm (piel)","Sobre",26.4,120,{"v":3168,"d":"3,168"},24,{"v":633.6,"d":"634"},0,0,0,0,0,0,0,0,144,{"v":3801.6,"d":"3,802"},96,0,"1.5","1.5",48,1267.2,1361]
["21024106012","Sutura de nailon monofilamento 4-0 con aguja curva cortante 3/8 de 13 mm x 45 cm (tendones)","Sobre",30.66,0,0,48,{"v":1471.68,"d":"1,472"},0,0,24,{"v":735.84,"d":"736"},0,0,0,0,24,{"v":735.84,"d":"736"},36,0,"0.7","0.7",48,1471.68,409]
["21024106013","Sutura de nailon monofilamento 4-0 con aguja curva cortante 3/8 de 20 mm x 45 cm (piel)","Sobre",35.7,0,0,0,0,0,0,0,0,0,0,0,0,0,0,30,0,"0.0","0.0",60,2142,213]
["21024106014","Sutura de nailon monofilamento 5-0 con aguja curva cortante 3/8 de 13 mm x 45 cm (tendones)","Sobre",660.35,0,0,0,0,0,0,0,0,0,0,0,0,0,0,36,0,"0.0","0.0",72,47545.2,410]
["21024106015","Sutura de nailon monofilamento 5-0 con aguja curva cortante 3/8 de 19 mm x 45 cm","Sobre",31.04,0,0,36,{"v":1117.44,"d":"1,117"},0,0,0,0,0,0,0,0,36,{"v":1117.44,"d":"1,117"},36,36,"1.0","1.0",36,1117.44,1363]
["21024106016","Sutura de nailon monofilamento 5-0 con aguja curva cortante 3/8 de 20 mm x 45 cm (piel)","Sobre",0,0,0,0,0,0,0,0,0,0,0,0,0,0,0,30,36,"0.0","0.0",60,0,411]
["21024106017","Sutura de nailon monofilamento 6-0 con aguja curva cortante 3/8 de 13 mm x 45 cm (piel)","Sobre",31.35,144,{"v":4514.4,"d":"4,514"},0,0,0,0,24,{"v":752.4,"d":"752"},0,0,0,0,120,{"v":3762,"d":"3,762"},24,0,"5.0","5.0",0,0,214]
["21024108003","Sutura de polipropileno 1 con aguja curva roma 1/2 de 36 mm x 75 cm (fascia)","Sobre",43.39,24,{"v":1041.36,"d":"1,041"},24,{"v":1041.36,"d":"1,041"},0,0,0,0,0,0,0,0,48,{"v":2082.72,"d":"2,083"},0,0,"00","00",0,0,1359]
["21024108005","Sutura de polipropileno 2-0 con aguja curva roma 1/2 de 26 mm x 75 cm (gastrointestinal/fascia)","Sobre",44.12,120,{"v":5294.4,"d":"5,294"},0,0,0,0,0,0,0,0,0,0,120,{"v":5294.4,"d":"5,294"},24,0,"5.0","5.0",0,0,412]
["21024108008","Sutura de polipropileno 3-0 con aguja curva roma 1/2 de 26 mm x 75 cm (gastrointestinal/fascia)","Sobre",46.32,24,{"v":1111.68,"d":"1,112"},0,0,0,0,0,0,0,0,0,0,24,{"v":1111.68,"d":"1,112"},0,0,"00","00",0,0,1356]
["21024108010","Sutura de polipropileno 4-0 con aguja curva roma 1/2 de 17 mm x 75 cm","Sobre",42.11,48,{"v":2021.28,"d":"2,021"},0,0,0,0,0,0,0,0,0,0,48,{"v":2021.28,"d":"2,021"},0,0,"00","00",0,0,1014]
["21024110002","Sutura de seda esteril 0 con aguja curva roma 1/2 de 26 mm x 75 cm","Sobre",30.54,0,0,24,{"v":732.96,"d":"733"},0,0,0,0,0,0,0,0,24,{"v":732.96,"d":"733"},0,0,"00","00",0,0,215]
["21024110004","Sutura de seda esteril 2-0 con aguja curva cortante de 3/8 de 26 mm x 45 cm","Sobre",26.4,0,0,0,0,0,0,0,0,0,0,0,0,0,0,36,0,"0.0","0.0",72,1900.8,1345]
["21024110013","Sutura de seda esteril 2-0 con aguja curva cortante de 3/8 de 26 mm x 75 cm","Sobre",32.17,0,0,0,0,0,0,0,0,0,0,0,0,0,0,60,0,"0.0","0.0",120,3860.4,613]
["21024110009","Sutura de seda esteril 3-0 con aguja curva roma 1/2 de 22 mm x 75 cm (gastrointestinal)","Sobre",37.28,216,{"v":8052.48,"d":"8,052"},0,0,0,0,0,0,0,0,0,0,216,{"v":8052.48,"d":"8,052"},0,0,"00","00",0,0,216]
["21024110011","Sutura de seda esteril 4-0 con aguja curva roma 1/2 de 26 mm x 75 cm(conductos y vasos)","Sobre",31.08,120,{"v":3729.6,"d":"3,730"},0,0,0,0,0,0,0,0,0,0,120,{"v":3729.6,"d":"3,730"},0,0,"00","00",0,0,218]
["21024110012","Sutura de seda esteril 5-0 con aguja curva-roma 1/2 de 17 mm x 75 cm (conductos y vasos)","Sobre",34.36,144,{"v":4947.84,"d":"4,948"},48,{"v":1649.28,"d":"1,649"},0,0,0,0,0,0,0,0,192,{"v":6597.12,"d":"6,597"},0,0,"00","00",0,0,219]
["21120106002","Tablilla para inmovilizacion de tobillo (m)","Unidad",36.86,25,{"v":921.5,"d":"922"},150,{"v":5529,"d":"5,529"},0,0,125,{"v":4607.5,"d":"4,608"},0,0,0,0,50,{"v":1843,"d":"1,843"},103,50,"0.5","0.5",156,5750.16,1273]
["21120106003","Tablilla para inmovilizacion de tobillo (s)","Unidad",31.9,50,{"v":1595,"d":"1,595"},200,{"v":6380,"d":"6,380"},0,0,25,{"v":797.5,"d":"798"},0,0,0,0,225,{"v":7177.5,"d":"7,178"},88,0,"2.6","2.6",0,0,1342]
["20943901003","Termometro digital","Unidad",86.68,0,0,0,0,0,0,0,0,0,0,0,0,0,0,39,0,"0.0","0.0",78,6761.04,772]
["20943901001","Termometro oral","Unidad",0,0,0,0,0,0,0,0,0,0,0,0,0,0,0,96,0,"0.0","0.0",192,0,175]
["21029704001","Tirillas p/ glucometro caja x 50","Caja",269.06,{"v":1364,"d":"1,364"},{"v":366997.84,"d":"366,998"},20,{"v":5381.2,"d":"5,381"},0,0,0,0,0,0,0,0,{"v":1384,"d":"1,384"},{"v":372379.04,"d":"372,379"},173,0,"8.0","0.5",0,0,414]
["21547901001","Traje desechable (overol de cuerpo completo) m","Caja",0.01,967,{"v":9.67,"d":"10"},0,0,0,0,0,0,0,0,0,0,967,{"v":9.67,"d":"10"},15,0,"64.5","49.0",0,0,421]
["21045802002","Tubo de drenaje toraxico n° 12 fr","Empaque",1328.57,9,{"v":11957.13,"d":"11,957"},0,0,0,0,0,0,0,0,0,0,9,{"v":11957.13,"d":"11,957"},4,0,"2.3","2.3",0,0,1244]
["21045802003","Tubo de drenaje toraxico n° 14 fr","Empaque",0,0,0,0,0,0,0,0,0,0,0,0,0,0,0,3,0,"0.0","0.0",6,0,1156]
["21045802004","Tubo de drenaje toraxico n° 16 fr","Empaque",0,0,0,0,0,0,0,0,0,0,0,0,0,0,0,4,0,"0.0","0.0",8,0,417]
["21045802005","Tubo de drenaje toraxico n° 20 fr","Empaque",0,0,0,0,0,0,0,0,0,0,0,0,0,0,0,2,0,"0.0","0.0",4,0,618]
["21045802008","Tubo de drenaje toraxico n° 8 fr","Empaque",0,0,0,0,0,0,0,0,0,0,0,0,0,0,0,2,0,"0.0","0.0",4,0,418]
["20245801001","Tubo endotraqueal  descartable n° 7.5 con balon","Empaque",28,10,280,0,0,0,0,0,0,0,0,0,0,10,280,0,0,"00","00",0,0,155]
["20245801003","Tubo endotraqueal descartable n° 2.0 sin globo","Empaque",0,10,0,0,0,0,0,0,0,0,0,0,0,10,0,0,0,"00","00",0,0,1360]
["20245801004","Tubo endotraqueal descartable n° 2.5 sin balon","Empaque",0,70,0,0,0,0,0,0,0,0,0,0,0,70,0,15,0,"4.7","4.7",0,0,389]
["20245801005","Tubo endotraqueal descartable n° 3.0 sin balon","Empaque",83.33,170,{"v":14166.1,"d":"14,166"},0,0,0,0,0,0,0,0,0,0,170,{"v":14166.1,"d":"14,166"},15,0,"11.3","11.3",0,0,156]
["20245801006","Tubo endotraqueal descartable n° 3.5 sin balon","Empaque",49.5,20,990,10,495,0,0,0,0,0,0,0,0,30,{"v":1485,"d":"1,485"},17,0,"1.8","1.8",4,198,157]
["20245801007","Tubo endotraqueal descartable n° 4.0 sin balon","Empaque",22.64,13,{"v":294.32,"d":"294"},0,0,0,0,0,0,0,0,0,0,13,{"v":294.32,"d":"294"},15,0,"0.9","0.9",17,384.88,390]
["20245801008","Tubo endotraqueal descartable n° 4.5 con balon","Empaque",47.33,50,{"v":2366.5,"d":"2,367"},10,{"v":473.3,"d":"473"},0,0,0,0,0,0,0,0,60,{"v":2839.8,"d":"2,840"},16,0,"3.8","3.8",0,0,158]
["20245801009","Tubo endotraqueal descartable n° 5 con balon","Empaque",0,0,0,0,0,0,0,0,0,0,0,0,0,0,0,17,0,"0.0","0.0",34,0,159]
["20245801010","Tubo endotraqueal descartable n° 5.5 con balon","Empaque",52.8,30,{"v":1584,"d":"1,584"},10,528,0,0,0,0,0,0,0,0,40,{"v":2112,"d":"2,112"},12,0,"3.3","3.3",0,0,160]
["20245801011","Tubo endotraqueal descartable n° 6.5 con balon","Empaque",49.5,41,{"v":2029.5,"d":"2,030"},10,495,0,0,0,0,0,0,0,0,51,{"v":2524.5,"d":"2,525"},20,0,"2.6","2.6",0,0,791]
["20245801012","Tubo endotraqueal descartable n° 7.0 con balon","Empaque",60.78,30,{"v":1823.4,"d":"1,823"},0,0,0,0,0,0,0,0,0,0,30,{"v":1823.4,"d":"1,823"},0,0,"00","00",0,0,600]
["20245801013","Tubo endotraqueal descartable n° 8.0 con balon","Empaque",40.96,39,{"v":1597.44,"d":"1,597"},0,0,0,0,0,0,0,0,0,0,39,{"v":1597.44,"d":"1,597"},0,0,"00","00",0,0,161]
["20245801014","Tubo endotraqueal descartable n° 8.5 con balon","Empaque",49.5,0,0,10,495,0,0,0,0,0,0,0,0,10,495,0,0,"00","00",0,0,790]
["20245801015","Tubo endotraqueal descartable n° 9.0 con balon","Empaque",13.5,15,{"v":202.5,"d":"203"},0,0,0,0,0,0,0,0,0,0,15,{"v":202.5,"d":"203"},0,0,"00","00",0,0,391]
["20245801017","Tubo endotraqueal descartable nº 6.0 con balon","Empaque",49.5,50,{"v":2475,"d":"2,475"},0,0,0,0,0,0,0,0,0,0,50,{"v":2475,"d":"2,475"},25,0,"2.0","2.0",0,0,162]
["21046702009","Venda de yeso 4\" x 5 yd","Sobre",21.06,12,{"v":252.72,"d":"253"},36,{"v":758.16,"d":"758"},0,0,0,0,0,0,0,0,48,{"v":1010.88,"d":"1,011"},24,0,"2.0","2.0",0,0,716]
["21046702013","Venda de yeso 6\" x 5 yd","Sobre",31.36,99,{"v":3104.64,"d":"3,105"},0,0,0,0,0,0,0,0,0,0,99,{"v":3104.64,"d":"3,105"},26,0,"3.8","3.8",0,0,253]
["21046701003","Venda elastica 4\" x 5 yd","Funda",180.8,8,{"v":1446.4,"d":"1,446"},60,{"v":10848,"d":"10,848"},0,0,12,{"v":2169.6,"d":"2,170"},0,0,0,0,56,{"v":10124.8,"d":"10,125"},34,0,"1.6","1.6",12,2169.6,250]
["21046701005","Venda elastica 6\" x 5 yd","Funda",19.88,60,{"v":1192.8,"d":"1,193"},0,0,0,0,0,0,0,0,0,0,60,{"v":1192.8,"d":"1,193"},28,0,"2.1","2.1",0,0,251]
["21047601001","Zapato de cirugia descartable","Caja",2.25,{"v":1700,"d":"1,700"},{"v":3825,"d":"3,825"},100,225,0,0,0,0,0,0,0,0,{"v":1800,"d":"1,800"},{"v":4050,"d":"4,050"},{"v":1140,"d":"1,140"},0,"1.6","1.6",480,1080,419]
["OP5","AGUJA EPIDURAL NO. 23 UNIDAD","Unidad",178,50,{"v":8900,"d":"8,900"},0,0,0,0,0,0,0,0,0,0,50,{"v":8900,"d":"8,900"},0,0,"00","00",0,0,472]
["OM111","Agujas Hipodermicas 18g x 1","Unidad",5.45,700,{"v":3815,"d":"3,815"},0,0,0,0,0,0,0,0,0,0,700,{"v":3815,"d":"3,815"},125,0,"5.6","2.6",0,0,1225]
["OM100","Albendazol 400 mg/10ml suspension sobres (Dosis unica)","Unidad",4.3,100,430,0,0,0,0,0,0,0,0,0,0,100,430,35,0,"2.9","2.9",0,0,1139]
["OM80","Albuterol 2.5 mg/3ml para nebulizar inhalacion Ampollas","Unidad",0,0,0,0,0,0,0,0,0,0,0,0,0,0,0,83,0,"0.0","0.0",166,0,957]
["OM141","ANFOTERICINA B X1 VIAL","Vial",5800,0,0,0,0,0,0,0,0,0,0,0,0,0,0,14,0,"0.0","0.0",28,162400,1334]
["OM104","BRAZALETES PACIENTE VERDE ADULTOS","Unidad",8.5,700,{"v":5950,"d":"5,950"},0,0,0,0,0,0,0,0,0,0,700,{"v":5950,"d":"5,950"},200,0,"3.5","3.5",0,0,1172]
["OM71","BUDESODIDA 0.75 MG/3ML/ NEBULIZAR-SOL.","Unidad",55,12,660,0,0,0,0,0,0,0,0,0,0,12,660,304,0,"0.0","0.0",596,32780,932]
["OM49","budesonida p/nebulizar 0.25 mg/ml ampolla","Unidad",0,0,0,0,0,0,0,0,0,0,0,0,0,0,0,120,0,"0.0","0.0",240,0,710]
["OM82","budesonide 0.75 mg neb/inhalacion","Unidad",0,0,0,0,0,0,0,0,0,0,0,0,0,0,0,83,0,"0.0","0.0",166,0,966]
["OM124","CITRATO DE CAFEINA, SOLUCION ORAL, PD 20MG/3ML","Frasco",834.98,6,{"v":5009.88,"d":"5,010"},10,{"v":8349.8,"d":"8,350"},0,0,0,0,0,0,0,0,16,{"v":13359.68,"d":"13,360"},2,0,"8.0","8.0",0,0,1295]
["OM126","CLONIDINA, TABLETA, 0.1MG","Tableta",23.56,0,0,0,0,0,0,0,0,0,0,0,0,0,0,60,0,"0.0","0.0",120,2827.2,1297]
["OM117","CLORURO DE SODIO 0.45%, BOLSA X 1000 ML, UNIDAD","Bolsa",53.9,0,0,192,{"v":10348.8,"d":"10,349"},0,0,24,{"v":1293.6,"d":"1,294"},0,0,0,0,168,{"v":9055.2,"d":"9,055"},52,0,"3.2","3.2",0,0,1248]
["OM118","CLORURO DE SODIO 0.45%, FRASCO X 500 ML, UNIDAD","Frasco",0,0,0,0,0,0,0,0,0,0,0,0,0,0,0,60,0,"0.0","0.0",120,0,1250]
["OM144","DICLOFENACO  IV/IM  75MG/3ML","Ampolla",100,0,0,0,0,0,0,0,0,0,0,0,0,0,0,50,0,"0.0","0.0",100,10000,1347]
["OM135","DIPIRONA","Unidad",129.97,0,0,0,0,0,0,0,0,0,0,0,0,0,0,25,0,"0.0","0.0",50,6498.5,1310]
["OP27","DISCO DE SENSIBILIDAD FOSFOMICINA FOS-200 200MCG  V/50 LAB","Unidad",408,3,{"v":1224,"d":"1,224"},0,0,0,0,0,0,0,0,0,0,3,{"v":1224,"d":"1,224"},0,0,"00","00",0,0,505]
["OP25","DISCO DE SENSIBILIDAD GENTAMICINA 10 MCG /50 BD LAB","Unidad",402,3,{"v":1206,"d":"1,206"},0,0,0,0,0,0,0,0,0,0,3,{"v":1206,"d":"1,206"},0,0,"00","00",0,0,498]
["OM99","Enoxaparina 40 mg/0.4 ml Jeringa recargable IV","Unidad",103.4,10,{"v":1034,"d":"1,034"},10,{"v":1034,"d":"1,034"},0,0,0,0,0,0,0,0,20,{"v":2068,"d":"2,068"},0,0,"00","00",0,0,1137]
["OM60","ENTEROGERMINA","Unidad",138.55,0,0,0,0,0,0,0,0,0,0,0,0,0,0,60,0,"0.0","0.0",120,16626,922]
["OM95","ENTEROGERMINA 2000 millones (2 millardos)/5 mL Suspensión oral","Unidad",0,0,0,0,0,0,0,0,0,0,0,0,0,0,0,45,0,"0.0","0.0",90,0,1027]
["OM38","EYECTOR PLASTICO ENDODONTICO DE SALIVA 1X100 JPS PAQUETES","Empaque",228.82,2,{"v":457.64,"d":"458"},0,0,0,0,0,0,0,0,0,0,2,{"v":457.64,"d":"458"},0,0,"00","00",0,0,514]
["OM106","fentanilo 0.05/ml 0,0785 x1 ml ampolla","Unidad",0,0,0,0,0,0,0,0,0,0,0,0,0,0,0,50,0,"0.0","0.0",100,0,1178]
["OM56","Glutapak- R","Unidad",1353.2,0,0,0,0,0,0,0,0,0,0,0,0,0,0,20,0,"0.0","0.0",40,54128,917]
["OM52","HIDRALAZINA CLORHIDRATO INY. 20 MG/ML","Ampolla",28.39,230,{"v":6529.7,"d":"6,530"},100,{"v":2839,"d":"2,839"},0,0,0,0,0,0,0,0,330,{"v":9368.7,"d":"9,369"},20,0,"16.5","16.5",0,0,822]
["OM67","hidroclorotiazida 25 mg ORAL","Unidad",1.02,200,204,0,0,0,0,0,0,0,0,0,0,200,204,0,0,"00","00",0,0,929]
["OM131","IMIPENEM + CILASTATINA SODICA INY.500MG VIAL","Vial",148.46,328,{"v":48694.88,"d":"48,695"},0,0,0,0,0,0,0,0,0,0,328,{"v":48694.88,"d":"48,695"},0,0,"00","00",0,0,1306]
["OM129","ION-K ELIXIR 240ML","Unidad",4975.05,0,0,0,0,0,0,0,0,0,0,0,0,0,0,10,0,"0.0","0.0",20,99501,1301]
["OM132","ITRACONAZOL 100MG BLISTER UNIDAD","Cápsula",2.08,100,208,0,0,0,0,0,0,0,0,0,0,100,208,0,0,"00","00",0,0,1307]
["OM77","ketorolaco 60mg/2ml inyectable","Unidad",7.98,500,{"v":3990,"d":"3,990"},0,0,0,0,0,0,0,0,0,0,500,{"v":3990,"d":"3,990"},100,0,"5.0","5.0",0,0,942]
["OM96","Lactulosa jarabe 66.7 g/100 ml/240 ml.","Unidad",215.13,44,{"v":9465.72,"d":"9,466"},0,0,0,0,4,{"v":860.52,"d":"861"},0,0,0,0,40,{"v":8605.2,"d":"8,605"},7,0,"5.7","5.7",0,0,1073]
["OM116","Levetiracetam 500 mg amp iny unidad","Unidad",16890,0,0,0,0,0,0,0,0,0,0,0,0,0,0,55,0,"0.0","0.0",110,1857900,1238]
["OM86","levofloxacina 500 mg/100 ml infusion frasco vial","Unidad",30.48,249,{"v":7589.52,"d":"7,590"},0,0,0,0,0,0,0,0,6,{"v":182.88,"d":"183"},243,{"v":7406.64,"d":"7,407"},0,0,"00","00",0,0,968]
["OM120","LISOZIMA 250 MG, 30 CAPSULAS","Cápsula",0,0,0,0,0,0,0,0,0,0,0,0,0,0,0,80,0,"0.0","0.0",160,0,1251]
["OP7","LUBRICANTE GEL TUBO 80 G UNIDAD","Tubo",0,0,0,0,0,0,0,0,0,0,0,0,0,0,0,19,0,"0.0","0.0",38,0,474]
["OM97","metronidazol benzoato suspension frasco 120 ml","Unidad",37.4,20,748,0,0,0,0,0,0,0,0,0,0,20,748,20,0,"1.0","1.0",20,748,1074]
["OM133","NIFEDIPINA 20MG BLISTER UNIDAD","Cápsula",0.2,0,0,0,0,0,0,0,0,0,0,0,0,0,0,100,0,"0.0","0.0",200,40,1308]
["OP9","NITROGLICERINA 0.4 MG/ HR PANCHE UNIDAD","Unidad",1.25,30,{"v":37.5,"d":"38"},0,0,0,0,0,0,0,0,0,0,30,{"v":37.5,"d":"38"},0,0,"00","00",0,0,476]
["OM92","Nor-Crezinc Jarabe","Unidad",0,0,0,0,0,0,0,0,0,0,0,0,0,0,0,4,0,"0.0","0.0",8,0,1024]
["OM81","Olanzapina 10 mg inyectable intra.","Unidad",5500,0,0,0,0,0,0,0,0,0,0,0,0,0,0,28,0,"0.0","0.0",56,308000,958]
["OM121","ONDANSETRON INYRCCION BP 8 MG/4ML, VIAL, UND","Vial",713.82,0,0,0,0,0,0,0,0,0,0,0,0,0,0,30,0,"0.0","0.0",60,42829.2,1252]
["OM113","Papel para esterilizar envolturas de gasas.","Unidad",14880,4,{"v":59520,"d":"59,520"},0,0,0,0,0,0,0,0,0,0,4,{"v":59520,"d":"59,520"},0,0,"00","00",0,0,1233]
["OM123","PENICILINA G. CRISTALINA INY.IM 1,000,000 UI, VIAL","Vial",15.4,0,0,0,0,0,0,0,0,0,0,0,0,0,0,150,0,"0.0","0.0",300,4620,1294]
["OM122","PIPERAZINA JARABE 120 ML, UNIDAD","Unidad",0,0,0,0,0,0,0,0,0,0,0,0,0,0,0,3,0,"0.0","0.0",6,0,1279]
["OM59","PREGABALINA 75 MG ORAL","Unidad",1.32,0,0,0,0,0,0,0,0,0,0,0,0,0,0,100,0,"0.0","0.0",200,264,921]
["OM98","Prueba treponemica frascos","Unidad",0,56,0,0,0,0,0,0,0,0,0,0,0,56,0,0,0,"00","00",0,0,1092]
["OM134","ROCURONIO, AMPOLLA, UNIDAD","Ampolla",2043.08,0,0,0,0,0,0,0,0,0,0,0,0,0,0,20,0,"0.0","0.0",40,81723.2,1311]
["OM125","SILDENALFIL 50MG","Unidad",625.6,0,0,0,0,0,0,0,0,0,0,0,0,0,0,20,0,"0.0","0.0",40,25024,1296]
["OM127","SISTEMA DE DRENAJE DE HERIDA JP 200ML","Unidad",700,0,0,0,0,0,0,0,0,0,0,0,0,0,0,10,0,"0.0","0.0",20,14000,1298]
["OM83","Sucralfato 1g polvo granulado sobres","Unidad",16.5,40,660,0,0,0,0,0,0,0,0,0,0,40,660,0,0,"00","00",0,0,963]
["OP14","TIRILLA PARA GLUCOMENTRO UNIDAD","Unidad",0,0,0,0,0,0,0,0,0,0,0,0,0,0,0,133,0,"0.0","0.0",266,0,487]
["OM44","TIRILLAS DE ORINA (106)","Unidad",1108.88,47,{"v":52117.36,"d":"52,117"},0,0,0,0,0,0,0,0,0,0,47,{"v":52117.36,"d":"52,117"},0,0,"00","00",0,0,564]
["OM137","VALACOCLOVIR 500MG X1","Unidad",323,0,0,0,0,0,0,0,0,0,0,0,0,0,0,30,0,"0.0","0.0",60,19380,1312]
["OM130","VASOPRESINA 20UI INY 10ML","Unidad",3000,0,0,0,0,0,0,0,0,0,0,0,0,0,0,10,0,"0.0","0.0",20,60000,1302]
["OM136","VECURONIO, AMPOLLA, UNIDAD","Ampolla",1595.08,0,0,0,0,0,0,0,0,0,0,0,0,0,0,20,0,"0.0","0.0",40,63803.2,1313]
["OM107","VITAMINAS NEUROTROPICAS+DEXAMETASONA B1 100+B6,B12. INY","Unidad",0,0,0,0,0,0,0,0,0,0,0,0,0,0,0,4,0,"0.0","0.0",8,0,1206]
["OI302","acido acetilisalicilico tabl.325 mg","Unidad",1.32,400,528,0,0,0,0,0,0,0,0,0,0,400,528,0,0,"00","00",0,0,771]
["OI161","AGUJA EPIDURAL NO.16 CAJA","Unidad",100,120,{"v":12000,"d":"12,000"},0,0,0,0,0,0,0,0,0,0,120,{"v":12000,"d":"12,000"},0,0,"00","00",0,0,599]
["OI567","BAJANTE DE INFUSION AGILIA VL-ST22","Unidad",0,60,0,0,0,0,0,0,0,0,0,0,0,60,0,35,0,"1.7","1.7",10,0,1127]
["OI571","BAJANTE DE SUERO AGILIA VLST02","Unidad",0,0,0,0,0,0,0,0,0,0,0,0,0,0,0,135,0,"0.0","0.0",270,0,1132]
["OI546","BANDA MATRIX 1/4 7X0.0.5CM.","Unidad",180,1,180,0,0,0,0,0,0,0,0,0,0,1,180,0,0,"00","00",0,0,1111]
["OI297","BASE IT 2G OD CAJA","Unidad",1165,6,{"v":6990,"d":"6,990"},0,0,0,0,0,0,0,0,0,0,6,{"v":6990,"d":"6,990"},0,0,"00","00",0,0,761]
["OI420","BAXTER BAJANTE DE SANGRE 2C7462 SOBRE","Unidad",0,61,0,0,0,0,0,0,0,0,0,0,0,61,0,0,0,"00","00",0,0,913]
["OI422","BAXTER BAJANTE PARA TRANSFUSION 2C8751","Unidad",0,40,0,0,0,0,0,0,0,0,0,0,0,40,0,0,0,"00","00",0,0,914]
["ON79","BOLSA DE CADAVER","Unidad",1,11,11,0,0,0,0,0,0,0,0,0,0,11,11,18,0,"0.6","0.6",25,25,423]
["OI566","BOMBA DE INFUSION VOLUMAT AGILIA VP-MC-CO","Unidad",0,0,0,0,0,0,0,0,0,0,0,0,0,0,0,15,0,"0.0","0.0",30,0,1126]
["OI252","BOTAS BLANCA","Unidad",0.01,56,{"v":0.56,"d":"1"},0,0,0,0,0,0,0,0,0,0,56,{"v":0.56,"d":"1"},0,0,"00","00",0,0,700]
["OI586","BRAZALETE PEDIATRICO VERDE INDENTIFICACION","Unidad",1.65,600,990,0,0,200,330,0,0,0,0,0,0,400,660,200,0,"2.0","2.0",0,0,1177]
["OI264","CALIBRADOR DIRECTO 4X0.5ML LB. CAJA","Unidad",0,0,0,0,0,0,0,0,0,0,0,0,0,0,0,38,1,"0.0","0.0",76,0,726]
["OI95","CANULA DE MAYO 50MM 5CM","Unidad",0,0,0,0,0,0,0,0,0,0,0,0,0,0,0,10,0,"0.0","0.0",20,0,526]
["OI261","CANULA DE MAYO GUEDEL 100mm ROJA PQ","Unidad",41.12,90,{"v":3700.8,"d":"3,701"},0,0,0,0,0,0,0,0,0,0,90,{"v":3700.8,"d":"3,701"},10,0,"9.0","9.0",0,0,723]
["OI315","CANULA DE MAYO GUEDEL BLANCA NO.1 X 70MM","Unidad",0,0,0,0,0,0,0,0,0,0,0,0,0,0,0,10,0,"0.0","0.0",20,0,798]
["OI262","CANULA DE MAYO GUEDEL No. 90mm AMARILLA PQ","Unidad",45,1,45,0,0,0,0,0,0,0,0,0,0,1,45,10,0,"0.1","0.1",19,855,724]
["OI260","CANULA DE MAYO GUEDEL No.000 mm 3.5cm PQ","Unidad",43.1,25,{"v":1077.5,"d":"1,078"},0,0,0,0,0,0,0,0,0,0,25,{"v":1077.5,"d":"1,078"},10,0,"2.5","2.5",0,0,722]
["OI259","CANULA DE MAYO NO. 00# 50 MM PQ","Unidad",0,0,0,0,0,0,0,0,0,0,0,0,0,0,0,8,0,"0.0","0.0",16,0,721]
["OI610","CANULA DE MAYO No.3","Unidad",0,0,0,0,0,0,0,0,0,0,0,0,0,0,0,8,0,"0.0","0.0",16,0,1212]
["OI608","CANULA DE MAYO No.4","Unidad",0,0,0,0,0,0,0,0,0,0,0,0,0,0,0,16,0,"0.0","0.0",32,0,1213]
["OI607","CANULA DE MAYO No.5","Unidad",0,0,0,0,0,0,0,0,0,0,0,0,0,0,0,5,0,"0.0","0.0",10,0,1214]
["OI577","CARTUCHO P/MAQ.GASES ARTERIALES UNIDAD","Caja",565.4,50,{"v":28270,"d":"28,270"},200,{"v":113080,"d":"113,080"},0,0,0,0,0,0,0,0,250,{"v":141350,"d":"141,350"},97,0,"2.6","2.6",0,0,1146]
["OI595","Cateter corto periferico jelco No.18","Unidad",137.7,300,{"v":41310,"d":"41,310"},0,0,0,0,0,0,0,0,0,0,300,{"v":41310,"d":"41,310"},50,0,"6.0","6.0",0,0,1195]
["OI596","Cateter corto periferico jelco No.20","Unidad",50.25,150,{"v":7537.5,"d":"7,538"},0,0,0,0,0,0,0,0,0,0,150,{"v":7537.5,"d":"7,538"},0,0,"00","00",0,0,1196]
["OI597","Cateter corto periferico jelco No.22","Unidad",91.38,50,{"v":4569,"d":"4,569"},0,0,0,0,0,0,0,0,0,0,50,{"v":4569,"d":"4,569"},108,0,"0.5","0.5",166,15169.08,1197]
["OI598","Cateter corto periferico jelco No.24","Unidad",147.17,0,0,0,0,0,0,0,0,0,0,0,0,0,0,170,0,"0.0","0.0",340,50037.8,1198]
["OI590","Cateter Jelco No. 24","Unidad",50.1,150,{"v":7515,"d":"7,515"},0,0,0,0,0,0,0,0,0,0,150,{"v":7515,"d":"7,515"},0,0,"00","00",0,0,1190]
["OI167","CEPILLO HUMEDOS DE CIRUJANOS CAJA","Unidad",25.03,60,{"v":1501.8,"d":"1,502"},0,0,0,0,0,0,0,0,0,0,60,{"v":1501.8,"d":"1,502"},41,0,"1.5","1.5",22,550.66,605]
["OI165","CIRCUITOS CON BOLSA PARA MAQUINA DE ANESTESIA KIT","Unidad",1558.21,14,{"v":21814.94,"d":"21,815"},0,0,0,0,0,0,0,0,0,0,14,{"v":21814.94,"d":"21,815"},0,0,"00","00",0,0,602]
["ON6","CLEANSER CONCENTRATE","Unidad",2950,1,{"v":2950,"d":"2,950"},0,0,0,0,0,0,0,0,0,0,1,{"v":2950,"d":"2,950"},0,0,"00","00",0,0,273]
["OI138","COLESTEROL -LQ 6X30ML CAJA (31)","Unidad",6655.8,4,{"v":26623.2,"d":"26,623"},0,0,0,0,0,0,0,0,0,0,4,{"v":26623.2,"d":"26,623"},0,0,"00","00",0,0,581]
["OI251","CONECTORES DE ARBOLITOS CAJA","Unidad",0,0,0,0,0,0,0,0,0,0,0,0,0,0,0,45,0,"0.0","0.0",90,0,770]
["OI363","CONO DE PAPEL #30 META (B5)  OD","Unidad",152.54,10,{"v":1525.4,"d":"1,525"},0,0,0,0,0,0,0,0,0,0,10,{"v":1525.4,"d":"1,525"},0,0,"00","00",0,0,866]
["OI510","CONO PAPEL 45-80 OD","Unidad",252.45,1,{"v":252.45,"d":"252"},0,0,0,0,0,0,0,0,0,0,1,{"v":252.45,"d":"252"},0,0,"00","00",0,0,1060]
["OI437","CONO PAPEL NO.40 META","Unidad",240,2,480,0,0,0,0,0,0,0,0,0,0,2,480,0,0,"00","00",0,0,977]
["OI169","CURITAS FLEXIBLE ALARGADA CAJA","Unidad",23.67,10,{"v":236.7,"d":"237"},0,0,0,0,0,0,0,0,0,0,10,{"v":236.7,"d":"237"},0,0,"00","00",0,0,606]
["OI181","CURITAS REDONDAS LAB UNIDAD","Caja",20.23,50,{"v":1011.5,"d":"1,012"},0,0,2,{"v":40.46,"d":"40"},0,0,0,0,0,0,48,{"v":971.04,"d":"971"},2,0,"24.0","24.0",0,0,626]
["ON16","DENGUE (MEMBRANA)","Unidad",6900,110,{"v":759000,"d":"759,000"},0,0,0,0,0,0,0,0,0,0,110,{"v":759000,"d":"759,000"},0,0,"00","00",0,0,279]
["OI202","DISCO DE SENSIBILIDAD CEFTRIAXONA CAJA LB","Unidad",410,3,{"v":1230,"d":"1,230"},0,0,0,0,0,0,0,0,0,0,3,{"v":1230,"d":"1,230"},0,0,"00","00",0,0,646]
["OI213","DISCO DE SENSIBILIDAD PIPERACELINA/TAX LB CAJA","Unidad",420,3,{"v":1260,"d":"1,260"},0,0,0,0,0,0,0,0,0,0,3,{"v":1260,"d":"1,260"},0,0,"00","00",0,0,654]
["OI214","DISCO DE SENSIBILIDAD TOBRAMICINA LB CAJA","Unidad",411,3,{"v":1233,"d":"1,233"},0,0,0,0,0,0,0,0,0,0,3,{"v":1233,"d":"1,233"},0,0,"00","00",0,0,655]
["OI579","DISCO SENSIBILIDAD OPTOQUINA LAB","Unidad",450,2,900,0,0,0,0,0,0,0,0,0,0,2,900,0,0,"00","00",0,0,1148]
["OI628","ENEMA FLEET ADULTO, UNIDAD","Frasco",329.85,7,{"v":2308.95,"d":"2,309"},0,0,0,0,7,{"v":2308.95,"d":"2,309"},0,0,0,0,0,0,7,0,"0.0","0.0",14,4617.9,1278]
["OI627","ENEMA FLEET PEDIATRICO, UNIDAD","Frasco",0,0,0,0,0,0,0,0,0,0,0,0,0,0,0,6,0,"0.0","0.0",12,0,1277]
["OI309","Estetoscopio","Unidad",1019,1,{"v":1019,"d":"1,019"},0,0,0,0,0,0,0,0,0,0,1,{"v":1019,"d":"1,019"},0,0,"00","00",0,0,789]
["OI616","Estoquinete","Unidad",0,0,0,0,0,0,0,0,0,0,0,0,0,0,0,4,0,"0.0","0.0",8,0,1222]
["OI537","formaldehido (formal) 40% GALON/FCOS","Unidad",0,0,0,0,0,0,0,0,0,0,0,0,0,0,0,2,0,"0.0","0.0",4,0,1103]
["ON19","FOSFATASA ALCALINA","Unidad",5656,1,{"v":5656,"d":"5,656"},0,0,0,0,0,0,0,0,0,0,1,{"v":5656,"d":"5,656"},0,0,"00","00",0,0,285]
["ON20","FRASCO ESTERIL","Unidad",13.29,346,{"v":4598.34,"d":"4,598"},0,0,0,0,0,0,0,0,0,0,346,{"v":4598.34,"d":"4,598"},0,0,"00","00",0,0,286]
["OI346","FRESA 1014 REDONDA MEDIANA MICRODONT OD","Unidad",28,21,588,0,0,0,0,0,0,0,0,0,0,21,588,0,0,"00","00",0,0,835]
["OI170","FRESA ALTA 3118 PULIDO LLAMA MICRODONT (8) CAJA","Unidad",28,20,560,0,0,0,0,0,0,0,0,0,0,20,560,0,0,"00","00",0,0,612]
["OI269","FRESA CARBURO FG NO 702C PRIMA DENTAL CAJA","Unidad",195,4,780,0,0,0,0,0,0,0,0,0,0,4,780,0,0,"00","00",0,0,732]
["OI492","FRESA DIAMANTADA KGS FG 1034 OD","Unidad",112.36,16,{"v":1797.76,"d":"1,798"},0,0,0,0,0,0,0,0,0,0,16,{"v":1797.76,"d":"1,798"},0,0,"00","00",0,0,1041]
["OI431","FRESA FG 2200FF MICROOODNT","Unidad",59.5,6,357,0,0,0,0,0,0,0,0,0,0,6,357,0,0,"00","00",0,0,971]
["OI399","FRESA QUIRURGICA  RG-702 USA  OD","Unidad",110,10,{"v":1100,"d":"1,100"},0,0,0,0,0,0,0,0,0,0,10,{"v":1100,"d":"1,100"},0,0,"00","00",0,0,840]
["OI400","FRESA QUIRURGICA FG-702 USA  OD","Unidad",156,10,{"v":1560,"d":"1,560"},0,0,0,0,0,0,0,0,0,0,10,{"v":1560,"d":"1,560"},0,0,"00","00",0,0,841]
["OI564","Gasa precortada 4x4 sobres","Unidad",8.5,253,{"v":2150.5,"d":"2,151"},0,0,0,0,0,0,0,0,0,0,253,{"v":2150.5,"d":"2,151"},0,0,"00","00",0,0,1124]
["OI638","GEL LUBRICANTE CARPOL 0.350G+ GLICERINA 0.85ML/100G","Unidad",44.54,290,{"v":12916.6,"d":"12,917"},0,0,0,0,0,0,0,0,0,0,290,{"v":12916.6,"d":"12,917"},0,0,"00","00",0,0,1305]
["OI88","GLUCOMETROS APARATO UNIDAD","Unidad",0,1,0,2,0,0,0,0,0,0,0,0,0,3,0,2,0,"1.5","1.5",1,0,518]
["OI114","GRABADO ACIDO FOSFORICO 37% AZUL 12G *41*","Unidad",163.21,2,{"v":326.42,"d":"326"},0,0,0,0,0,0,0,0,0,0,2,{"v":326.42,"d":"326"},0,0,"00","00",0,0,544]
["OI463","GUANTE NITRILOS CAJA OD","Unidad",333.27,4,{"v":1333.08,"d":"1,333"},0,0,0,0,0,0,0,0,0,0,4,{"v":1333.08,"d":"1,333"},0,0,"00","00",0,0,1002]
["OI271","GUTTAPERCHA NO.15/40 SPIDENT CAJA","Unidad",351.77,1,{"v":351.77,"d":"352"},0,0,0,0,0,0,0,0,0,0,1,{"v":351.77,"d":"352"},0,0,"00","00",0,0,734]
["ON24","HBSAG (MEMBRANA)","Unidad",3320,5,{"v":16600,"d":"16,600"},0,0,0,0,0,0,0,0,0,0,5,{"v":16600,"d":"16,600"},0,0,"00","00",0,0,290]
["ON25","HCG (MEMBRANA)","Unidad",1600,50,{"v":80000,"d":"80,000"},0,0,0,0,0,0,0,0,0,0,50,{"v":80000,"d":"80,000"},0,0,"00","00",0,0,291]
["ON26","HDL","Kit",32420.17,2,{"v":64840.34,"d":"64,840"},0,0,0,0,0,0,0,0,0,0,2,{"v":64840.34,"d":"64,840"},0,0,"00","00",0,0,292]
["OI620","Hilo de sutura monocryl No. 4","Unidad",129.6,132,{"v":17107.2,"d":"17,107"},0,0,0,0,0,0,0,0,0,0,132,{"v":17107.2,"d":"17,107"},36,0,"3.7","0.8",0,0,1229]
["OI624","Hilo Monocryl no. 3.0 crg","Unidad",129.6,24,{"v":3110.4,"d":"3,110"},0,0,0,0,0,0,0,0,0,0,24,{"v":3110.4,"d":"3,110"},36,0,"0.7","0.0",48,6220.8,1237]
["OI126","HISOPOS TRANCULT ESTERILES (64)","Unidad",2027,900,{"v":1824300,"d":"1,824,300"},0,0,0,0,0,0,0,0,0,0,900,{"v":1824300,"d":"1,824,300"},0,0,"00","00",0,0,558]
["ON30","HIV DETERMINE SET (MEMBRANA)","Unidad",1320,300,{"v":396000,"d":"396,000"},0,0,0,0,0,0,0,0,0,0,300,{"v":396000,"d":"396,000"},0,0,"00","00",0,0,296]
["ON31","HIV UNI GOLD","Unidad",1350,60,{"v":81000,"d":"81,000"},0,0,0,0,0,0,0,0,0,0,60,{"v":81000,"d":"81,000"},0,0,"00","00",0,0,297]
["OI611","HOJA DE BISTURI NO.10 CON MANGO","Unidad",0,0,0,0,0,0,0,0,0,0,0,0,0,0,0,23,0,"0.0","0.0",46,0,1215]
["OI612","HOJA DE BISTURI NO.20 CON MANGO","Unidad",0,20,0,0,0,0,0,0,0,0,0,0,0,20,0,20,20,"1.0","1.0",20,0,1216]
["OI617","Isoniazida300 mg/Rifapentina 300 mg Tabletas frascos","Unidad",0,0,0,0,0,0,0,0,0,0,0,0,0,0,0,468,0,"0.0","0.0",936,0,1223]
["OI648","ISOPOS ESTERILES","Empaque",1046.15,2,{"v":2092.3,"d":"2,092"},0,0,0,0,0,0,0,0,0,0,2,{"v":2092.3,"d":"2,092"},0,0,"00","00",0,0,1338]
["OI645","ISOVITALEX","Unidad",17868.31,3,{"v":53604.93,"d":"53,605"},0,0,0,0,0,0,0,0,0,0,3,{"v":53604.93,"d":"53,605"},0,0,"00","00",0,0,1335]
["OI255","JABON NEUTRO GALON UNIDAD","Caja",1770,8,{"v":14160,"d":"14,160"},0,0,0,0,0,0,0,0,0,0,8,{"v":14160,"d":"14,160"},0,0,"00","00",0,0,703]
["OI642","JERINGA DESCARTABLE DE 50ML HIPODERMICA","Unidad",0,50,0,0,0,0,0,0,0,0,0,0,0,50,0,0,0,"00","00",0,0,1327]
["OI641","JERINGA DESCARTABLE DE 50ML X21G. 1 1/2","Unidad",0,275,0,0,0,0,0,0,0,0,0,0,0,275,0,50,0,"5.5","5.5",0,0,1328]
["OI643","JERINGA DESCARTABLE DE INSULINA 1ML CON AGUJA 29GX12.7","Unidad",0,200,0,0,0,0,0,0,0,0,0,0,0,200,0,0,0,"00","00",0,0,1330]
["OI640","JERINGA DESCARTABLE DE INSULINA 1ML CON AGUJA 31 5ML 5/16","Unidad",0,500,0,0,0,0,0,0,0,0,0,0,0,500,0,0,0,"00","00",0,0,1329]
["ON72","JERINGA PARA DEPOVERA","Unidad",0,0,0,0,0,0,0,0,0,0,0,0,0,0,0,40,0,"0.0","0.0",80,0,300]
["OI603","jeringuilla 50 ml x1 sin agujas","Unidad",37.9,30,{"v":1137,"d":"1,137"},0,0,0,0,0,0,0,0,0,0,30,{"v":1137,"d":"1,137"},0,0,"00","00",0,0,1208]
["OI195","LDH-LQ IFCC. KINETIC-UV 5X25 ML CAJA","Unidad",5171,1,{"v":5171,"d":"5,171"},0,0,0,0,0,0,0,0,0,0,1,{"v":5171,"d":"5,171"},0,0,"00","00",0,0,644]
["OI174","LLAVES DE TRES VIAS","Unidad",19.11,16,{"v":305.76,"d":"306"},50,{"v":955.5,"d":"956"},0,0,0,0,0,0,0,0,66,{"v":1261.26,"d":"1,261"},51,0,"1.3","1.3",36,687.96,617]
["OI644","LUBRICANTE GEL TUBO 60 G UNIDAD","Unidad",47.3,144,{"v":6811.2,"d":"6,811"},0,0,0,0,20,946,0,0,0,0,124,{"v":5865.2,"d":"5,865"},21,5,"5.9","5.0",0,0,1331]
["OI320","MASCARILLAS LARINGEAS No.2.5","Unidad",0,0,0,0,0,0,0,0,0,0,0,0,0,0,0,4,0,"0.0","0.0",8,0,801]
["OI480","MATERIAL BASE FOTO EN JERINGA SPIDENT OD","Unidad",1113,6,{"v":6678,"d":"6,678"},0,0,0,0,0,0,0,0,0,0,6,{"v":6678,"d":"6,678"},0,0,"00","00",0,0,1029]
["OI444","MODELING RESINA BISCO 1X2","Unidad",1450,1,{"v":1450,"d":"1,450"},0,0,0,0,0,0,0,0,0,0,1,{"v":1450,"d":"1,450"},0,0,"00","00",0,0,984]
["OI428","NEBULIZADOR DE COMPRESOR","Unidad",3211.86,4,{"v":12847.44,"d":"12,847"},0,0,0,0,0,0,0,0,0,0,4,{"v":12847.44,"d":"12,847"},0,0,"00","00",0,0,949]
["OI185","OTOSCOPIO UNDAD","Unidad",52569,1,{"v":52569,"d":"52,569"},0,0,0,0,0,0,0,0,0,0,1,{"v":52569,"d":"52,569"},0,0,"00","00",0,0,631]
["OI334","PAPEL ARTICULAR BK80 OD","Unidad",336.51,10,{"v":3365.1,"d":"3,365"},0,0,0,0,0,0,0,0,0,0,10,{"v":3365.1,"d":"3,365"},0,0,"00","00",0,0,817]
["OI92","PAPEL DE EKG ROLLO NO.12","Unidad",606,21,{"v":12726,"d":"12,726"},0,0,0,0,0,0,0,0,0,0,21,{"v":12726,"d":"12,726"},0,0,"00","00",0,0,523]
["OI152","PCR TEST KIT (79)","Unidad",2100,4,{"v":8400,"d":"8,400"},0,0,0,0,0,0,0,0,0,0,4,{"v":8400,"d":"8,400"},0,0,"00","00",0,0,589]
["OI568","PIES DE SUERO NIQUELADO DOS GANCHOS","Unidad",0,5,0,0,0,0,0,0,0,0,0,0,0,5,0,0,0,"00","00",0,0,1128]
["OI256","PIPETAS PARA ERITRO UNIDAD","Caja",53.12,550,{"v":29216,"d":"29,216"},0,0,0,0,0,0,0,0,0,0,550,{"v":29216,"d":"29,216"},0,0,"00","00",0,0,704]
["OI207","PLACAS DE PEDRI 2 DIVISIONES LB CAJA","Unidad",14281.85,1,{"v":14281.85,"d":"14,282"},0,0,0,0,0,0,0,0,0,0,1,{"v":14281.85,"d":"14,282"},0,0,"00","00",0,0,658]
["OI327","PLASMA COAGULASA LAB.","Unidad",30890.31,2,{"v":61780.62,"d":"61,781"},0,0,0,0,0,0,0,0,0,0,2,{"v":61780.62,"d":"61,781"},0,0,"00","00",0,0,810]
["ON38","PORTA OBJETO","Paquete",693.61,{"v":1572,"d":"1,572"},{"v":1090354.92,"d":"1,090,355"},0,0,0,0,0,0,0,0,0,0,{"v":1572,"d":"1,572"},{"v":1090354.92,"d":"1,090,355"},0,0,"00","00",0,0,312]
["OI530","QUITA FRESA STANDARD","Unidad",281.2,2,{"v":562.4,"d":"562"},0,0,0,0,0,0,0,0,0,0,2,{"v":562.4,"d":"562"},0,0,"00","00",0,0,1090]
["OI543","RESINA FLOW A3.5","Unidad",395,2,790,0,0,0,0,0,0,0,0,0,0,2,790,0,0,"00","00",0,0,1109]
["OI381","RESINA LUNA A3.5  OD","Unidad",388,1,388,0,0,0,0,0,0,0,0,0,0,1,388,0,0,"00","00",0,0,886]
["OI629","SET 2 ACCESOS, BAJANTE DE INFUSION AGILIA VL-ST22","Unidad",0,60,0,0,0,0,0,30,0,60,0,0,0,90,0,40,0,"2.3","2.3",0,0,1280]
["OI601","SET DE ENTENSION TIPO Y EXTENSION 32..103675","Unidad",0,250,0,0,0,0,0,0,0,0,0,0,0,250,0,0,0,"00","00",0,0,1205]
["OI626","SET DE INFUSION CONTINUO (AGILIA VLST02)","Unidad",0,10,0,0,0,0,0,120,0,190,0,0,0,80,0,255,0,"0.3","0.3",430,0,1275]
["OI599","SET DE INFUSION MICROGOTERO BURETRA AGILIA VLPA92","Unidad",0,260,0,0,0,0,0,0,0,0,0,0,0,260,0,0,0,"00","00",0,0,1203]
["OI625","SET DE TRANSFUSION SANGUINEA, LINEA DE INFUCION AGILIA (VLTR00)","Unidad",0,660,0,0,0,0,0,0,0,0,0,0,0,660,0,40,0,"16.5","14.0",0,0,1276]
["OI600","SET LINEA FOTOSENSIBLES DE INFUSION EPIDURAL AGILIA VL-ON90","Unidad",0,60,0,0,0,0,0,0,0,0,0,0,0,60,0,0,0,"00","00",0,0,1204]
["OI273","SILICOCONA I-SIL LIGT DOBY SPIDENT CAJA OD","Unidad",1781,1,{"v":1781,"d":"1,781"},0,0,0,0,0,0,0,0,0,0,1,{"v":1781,"d":"1,781"},0,0,"00","00",0,0,736]
["OI594","Sonda de alimentación nasogástrica CORFLO ULTRA Lite de 6 Fr. 22 levin ped.","Unidad",0,0,0,0,0,0,0,0,0,0,0,0,0,0,0,10,0,"0.0","0.0",20,0,1199]
["OI155","SUTURA HILO CROMICO NO.5 CAJA","Unidad",0,0,0,0,0,0,0,0,0,0,0,0,0,0,0,48,0,"0.0","0.0",96,0,592]
["OI649","TABLA PARA INMOVILIZAR SMALL","Unidad",31.9,0,0,0,0,0,0,0,0,0,0,0,0,0,0,50,0,"0.0","0.0",100,3190,1339]
["OI157","TABLILLAS PARA CANALIZAR SMOLL CAJA","Unidad",31.9,17,{"v":542.3,"d":"542"},0,0,0,0,0,0,0,0,0,0,17,{"v":542.3,"d":"542"},85,0,"0.2","0.2",153,4880.7,594]
["OI122","TERMOMETRO INFLAROJO","Unidad",780,2,{"v":1560,"d":"1,560"},0,0,0,0,0,0,0,0,0,0,2,{"v":1560,"d":"1,560"},1,0,"2.0","2.0",0,0,553]
["OI481","TIRA LIJA DE METAL DOBLE CARA 6 MM 1X12 OD","Unidad",423.56,2,{"v":847.12,"d":"847"},0,0,0,0,0,0,0,0,0,0,2,{"v":847.12,"d":"847"},0,0,"00","00",0,0,1030]
["OI290","TIRA LIJA METAL 6MM 1X12 MICRODONT OD CAJA","Unidad",290,1,290,0,0,0,0,0,0,0,0,0,0,1,290,0,0,"00","00",0,0,756]
["OI478","TORNIQUETES PLANOS LAB","Unidad",0,0,0,0,0,0,0,0,0,0,0,0,0,0,0,2,0,"0.0","0.0",4,0,1018]
["OI482","TUBO DE BONDABLE NO.6 0.22 PAQUETES OD.","Unidad",170,1,170,0,0,0,0,0,0,0,0,0,0,1,170,0,0,"00","00",0,0,1031]
["OI112","TUBO DE DRENAJE TORAXICO NO. 16","Unidad",0,0,0,0,0,0,0,0,0,0,0,0,0,0,0,6,0,"0.0","0.0",12,0,541]
["OI97","TUBO DE DRENAJE TORAXICO NO.28","Unidad",144.16,8,{"v":1153.28,"d":"1,153"},0,0,0,0,0,0,0,0,0,0,8,{"v":1153.28,"d":"1,153"},2,0,"4.0","4.0",0,0,528]
["OI573","TUBO DRENAJE TORAXICO NO.24","Unidad",0,0,0,0,0,0,0,0,0,0,0,0,0,0,0,3,0,"0.0","0.0",6,0,1134]
["OI613","TUBO ENDOTRAQUEAL CON BALON 4.","Unidad",0,50,0,0,0,0,0,0,0,0,0,0,0,50,0,13,0,"3.8","3.8",0,0,1217]
["OI605","TUBO ENDOTRAQUEAL CON BALON3.5","Unidad",87.3,16,{"v":1396.8,"d":"1,397"},0,0,0,0,0,0,0,0,0,0,16,{"v":1396.8,"d":"1,397"},15,0,"1.1","1.1",14,1222.2,1210]
["OI588","Tubo endotraqueal No.3.5 c/ balon","Unidad",88,16,{"v":1408,"d":"1,408"},0,0,0,0,0,0,0,0,0,0,16,{"v":1408,"d":"1,408"},10,0,"1.6","1.6",4,352,1187]
["OI438","TUBO ROTH SIMPLE C/GANP/ CEM NO.16","Unidad",0,0,0,0,0,0,0,0,0,0,0,0,0,0,0,1,0,"0.0","0.0",2,0,978]
["ON54","TUBO TAPA ROJA","Paquete",793.29,5,{"v":3966.45,"d":"3,966"},0,0,0,0,0,0,0,0,0,0,5,{"v":3966.45,"d":"3,966"},0,0,"00","00",0,0,331]
["OI293","ULTRASONIDO UDS-A LED WOODPECKER OD CAJA","Unidad",12800,1,{"v":12800,"d":"12,800"},0,0,0,0,0,0,0,0,0,0,1,{"v":12800,"d":"12,800"},0,0,"00","00",0,0,757]
["ON55","UREA","Unidad",99,234,{"v":23166,"d":"23,166"},0,0,0,0,0,0,0,0,0,0,234,{"v":23166,"d":"23,166"},0,0,"00","00",0,0,332]
["OI240","VENDA ELASTICA 2X5 COBAN 2 PULGADA 1/100 CAJA","Unidad",8.75,20,175,0,0,0,0,0,0,0,0,0,0,20,175,52,0,"0.4","0.4",84,735,682]
["OI242","VENDA KERLIX 4.5X4.1 .1/12 CAJA","Unidad",145,11,{"v":1595,"d":"1,595"},0,0,0,0,0,0,0,0,0,0,11,{"v":1595,"d":"1,595"},0,0,"00","00",0,0,684]
["OI436","VIOPEX 2.2G HIDROXIDO CALCIO CON YODOFORMO","Unidad",1650,2,{"v":3300,"d":"3,300"},0,0,0,0,0,0,0,0,0,0,2,{"v":3300,"d":"3,300"},0,0,"00","00",0,0,976]
["OI520","XILOL PAPANICOLAOU SOLUCION GALON.","Unidad",3200,1,{"v":3200,"d":"3,200"},0,0,0,0,0,0,0,0,0,0,1,{"v":3200,"d":"3,200"},0,0,"00","00",0,0,1070]
[]
["Observaciones:",{"$nulls":15},"Firma:"]
[]
[]
[]
["Responsable:","JOSE MIGUEL MESA ROMERO",null,null,"Fecha:",null,{"$f":"TODAY()","v":"2026-02-02"}]